{"text_format":"3","workbook":"xlsx","n_sheets":2,"sheets":["commercial","men"],"not_rendered":{"images":1,"defined_names":1},"read":"whole","date_system":"1900"}

{"sheet":"commercial","index":0,"n_rows":1331,"n_cols":9,"rows_kept":1331,"merged":[[11,2,11,5],[13,2,13,5],[14,2,15,5],[16,1,16,2],[16,3,16,6],[17,1,17,2],[17,3,17,6],[19,1,20,1],[19,2,20,3],[30,4,30,5],[31,4,31,5],[32,4,32,5],[33,4,33,5],[34,4,34,5],[35,4,35,5],[36,4,36,5],[37,4,37,5],[40,1,40,2],[40,3,40,6],[41,1,41,2],[41,3,41,6],[42,1,42,2],[42,3,42,6],[45,1,46,1],[45,2,46,2],[45,3,46,6],[47,3,47,6],[50,0,50,7],[53,1,53,3],[56,1,56,3],[61,1,61,3],[63,1,63,2],[63,3,63,6],[64,1,64,2],[64,3,64,6],[67,1,68,1],[67,2,68,2],[67,3,68,6],[71,1,71,3],[74,1,74,3],[75,1,75,3],[76,1,76,3],[78,1,78,3],[79,1,79,3],[81,1,81,3],[84,1,84,3],[86,1,86,3],[88,1,88,3],[89,1,89,3],[90,1,90,3],[92,1,92,2],[92,3,92,6],[93,1,93,2],[93,3,93,6],[94,1,94,3],[96,1,97,1],[96,2,97,2],[96,3,97,6],[98,3,98,6],[103,1,103,3],[104,1,104,3],[105,1,105,3],[108,1,108,3],[109,1,109,2],[110,1,110,3],[113,1,113,3],[114,1,114,3],[115,1,115,3],[116,1,116,3],[117,1,117,3],[118,1,118,3],[119,1,119,3],[122,1,122,3],[123,1,123,3],[124,1,124,3],[127,1,127,3],[128,1,128,3],[129,1,129,3],[130,1,130,3],[131,1,131,3],[132,1,132,3],[133,1,133,3],[134,1,134,3],[136,1,136,2],[137,1,137,3],[138,1,138,3],[141,1,141,3],[143,1,143,3],[144,1,144,3],[145,1,145,3],[146,1,146,3],[150,1,150,3],[151,1,151,3],[152,1,152,3],[154,1,154,3],[156,1,156,3],[159,1,159,2],[160,1,160,3],[161,1,161,3],[162,1,162,3],[163,1,163,3],[164,1,164,3],[165,1,165,3],[166,1,166,3],[167,1,167,3],[169,1,169,3],[170,1,170,3],[171,1,171,3],[172,1,172,3],[173,1,173,3],[174,1,174,3],[175,1,175,3],[176,1,176,3],[177,1,177,3],[178,1,178,3],[179,1,179,3],[180,1,180,3],[181,1,181,3],[184,1,184,3],[185,1,185,3],[186,1,186,3],[187,1,187,3],[189,1,189,3],[191,1,191,3],[193,1,193,3],[196,1,196,3],[198,1,198,3],[199,1,199,2],[199,3,199,6],[200,1,200,2],[200,3,200,6],[203,1,204,1],[203,2,204,2],[203,3,204,6],[205,3,205,6],[209,1,209,3],[210,1,210,3],[213,1,213,3],[215,1,215,3],[216,1,216,3],[218,1,218,3],[219,1,219,3],[221,1,221,2],[221,3,221,6],[222,1,222,2],[222,3,222,6],[225,1,226,1],[225,2,226,2],[225,3,226,6],[229,1,229,3],[233,1,233,3],[234,1,234,3],[235,1,235,3],[237,1,237,3],[239,1,239,3],[242,1,242,2],[242,3,242,6],[243,1,243,2],[243,3,243,6],[245,1,246,1],[245,2,246,2],[245,3,246,6],[248,1,248,3],[251,4,263,4],[251,5,263,5],[251,6,263,6],[251,7,263,7],[252,1,252,3],[253,1,253,3],[256,1,256,3],[257,1,257,3],[258,1,258,3],[270,1,270,3],[272,1,272,3],[273,1,273,3],[274,1,274,3],[275,1,275,2],[275,3,275,6],[276,1,276,2],[276,3,276,6],[279,1,280,1],[279,2,280,2],[279,3,280,6],[281,3,281,6],[286,1,286,3],[286,9,286,11],[288,1,288,3],[289,1,289,3],[290,1,290,3],[291,1,291,3],[293,1,293,3],[294,1,294,3],[295,1,295,3],[296,1,296,3],[300,1,300,3],[302,1,302,3],[304,1,304,3],[307,1,307,2],[307,3,307,6],[308,1,308,2],[308,3,308,6],[310,1,311,1],[310,2,311,2],[310,3,311,6],[312,3,312,6],[313,3,313,6],[314,1,314,3],[315,1,315,3],[316,1,316,3],[318,1,318,3],[320,1,320,3],[322,1,322,3],[323,1,323,3],[325,1,325,3],[326,1,326,3],[329,1,329,3],[329,9,329,11],[331,1,331,3],[332,1,332,3],[334,1,334,3],[336,1,336,3],[338,1,338,2],[338,3,338,6],[339,1,339,2],[339,3,339,6],[342,1,343,1],[342,2,343,2],[342,3,343,6],[346,1,346,2],[348,1,348,3],[349,1,349,3],[350,1,350,2],[352,1,352,3],[353,1,353,3],[354,1,354,2],[356,1,356,3],[357,1,357,3],[359,1,359,2],[361,1,361,3],[362,1,362,3],[363,1,363,2],[364,1,364,2],[366,1,366,3],[368,1,368,3],[369,1,369,3],[370,1,370,3],[374,1,374,2],[374,3,374,6],[375,1,375,2],[375,3,375,6],[378,1,379,1],[378,2,379,2],[378,3,379,6],[380,3,380,6],[381,3,381,6],[382,1,382,3],[383,1,383,2],[385,1,385,3],[387,1,387,3],[390,1,390,3],[392,1,392,3],[395,1,395,3],[399,1,399,2],[399,3,399,6],[400,1,400,2],[400,3,400,6],[403,1,404,1],[403,2,404,2],[403,3,404,6],[405,3,405,6],[407,1,407,3],[410,1,410,3],[413,1,413,3],[414,1,414,3],[417,1,417,3],[420,1,420,3],[421,1,421,3],[423,1,423,2],[424,1,424,2],[425,1,425,2],[426,1,426,3],[427,1,427,3],[428,1,428,3],[429,1,429,3],[430,1,430,3],[431,1,431,3],[434,1,434,3],[438,1,438,3],[439,1,439,3],[440,1,440,3],[441,1,441,2],[441,3,441,6],[442,1,442,2],[442,3,442,6],[443,1,443,2],[443,3,443,6],[446,1,447,1],[446,2,447,2],[446,3,447,6],[448,3,448,6],[450,1,450,3],[452,1,452,2],[453,1,453,3],[454,1,454,3],[456,1,456,3],[458,1,458,3],[460,1,460,2],[462,1,462,3],[463,1,463,3],[465,1,465,3],[468,1,468,3],[470,1,470,3],[471,1,471,3],[472,1,472,3],[478,1,478,3],[479,1,479,3],[480,1,480,3],[482,1,482,2],[482,3,482,6],[483,1,483,2],[483,3,483,6],[485,1,486,1],[485,2,486,2],[485,3,486,6],[487,3,487,6],[488,3,488,6],[489,1,489,2],[495,1,495,3],[498,1,498,3],[499,1,499,3],[500,1,500,3],[502,1,502,3],[503,1,503,3],[505,1,505,2],[507,1,507,3],[508,1,508,3],[509,1,509,3],[510,1,510,3],[511,1,511,3],[514,1,514,3],[516,1,516,3],[517,1,517,3],[519,1,519,3],[521,1,521,2],[521,3,521,6],[522,1,522,2],[522,3,522,6],[525,1,526,1],[525,2,526,2],[525,3,526,6],[528,3,528,6],[529,1,529,3],[532,1,532,3],[536,1,536,3],[537,1,537,3],[538,1,538,3],[540,1,540,2],[543,1,543,3],[544,1,544,3],[545,1,545,3],[546,1,546,3],[548,1,548,2],[549,1,549,3],[550,1,550,3],[552,1,552,3],[554,1,554,3],[558,1,558,3],[559,1,559,3],[560,1,560,3],[561,1,561,3],[562,1,562,3],[563,1,563,3],[564,1,564,3],[565,1,565,3],[566,1,566,3],[567,1,567,3],[570,1,570,3],[572,1,572,3],[574,1,574,3],[576,1,576,2],[576,3,576,6],[577,1,577,2],[577,3,577,6],[580,1,581,1],[580,2,581,2],[580,3,581,6],[582,3,582,6],[585,1,585,2],[587,1,587,3],[589,1,589,3],[591,1,591,3],[593,1,593,3],[594,1,594,3],[595,1,595,3],[596,1,596,3],[599,1,599,3],[603,1,603,2],[603,3,603,6],[604,1,604,2],[604,3,604,6],[607,1,608,1],[607,2,608,2],[607,3,608,6],[609,3,609,6],[612,1,612,2],[614,1,614,3],[615,1,615,3],[616,1,616,3],[617,1,617,3],[618,1,618,3],[620,1,620,3],[622,1,622,3],[623,1,623,3],[625,1,625,3],[626,1,626,3],[629,1,629,2],[629,3,629,6],[630,1,630,2],[630,3,630,6],[633,1,634,1],[633,2,634,2],[633,3,634,6],[635,3,635,6],[637,1,637,2],[639,1,639,7],[642,1,642,3],[643,1,643,3],[644,1,644,3],[645,1,645,3],[646,1,646,3],[647,1,647,3],[648,1,648,3],[648,9,648,11],[651,1,651,3],[652,1,652,3],[653,1,653,3],[654,1,654,3],[655,1,655,3],[656,1,656,3],[657,1,657,3],[658,1,658,3],[661,1,661,3],[662,1,662,3],[663,1,663,3],[664,1,664,3],[665,1,665,3],[666,1,666,3],[669,1,669,3],[670,1,670,3],[673,1,673,3],[674,1,674,3],[675,1,675,3],[676,1,676,3],[677,1,677,3],[678,1,678,3],[681,1,681,3],[682,1,682,3],[684,1,684,3],[686,1,686,3],[687,1,687,3],[687,9,687,11],[688,1,688,3],[690,1,690,3],[691,1,691,3],[692,1,692,3],[693,1,693,3],[694,1,694,3],[695,1,695,3],[696,1,696,3],[697,1,697,3],[698,1,698,3],[703,1,703,3],[704,1,704,3],[705,1,705,3],[708,1,708,3],[708,9,708,11],[709,1,709,3],[709,9,709,11],[711,1,711,3],[713,9,713,11],[714,1,714,3],[714,9,714,11],[715,1,715,3],[718,1,718,3],[719,1,719,3],[724,1,724,3],[725,1,725,3],[726,1,726,3],[727,1,727,3],[729,1,729,3],[732,1,732,3],[734,1,734,3],[736,1,736,2],[736,3,736,6],[737,1,737,2],[737,3,737,6],[740,1,741,1],[740,2,741,2],[740,3,741,6],[742,3,742,6],[744,1,744,2],[746,1,746,3],[747,1,747,3],[748,1,748,3],[749,1,749,3],[750,1,750,3],[752,1,752,3],[754,1,754,3],[755,1,755,3],[756,1,756,3],[764,1,764,2],[764,3,764,6],[765,1,765,2],[765,3,765,6],[768,1,769,1],[768,2,769,2],[768,3,769,6],[770,3,770,6],[772,1,772,2],[774,1,774,3],[775,1,775,3],[776,1,776,3],[777,1,777,3],[778,1,778,3],[779,1,779,3],[780,1,780,3],[782,1,782,3],[784,1,784,3],[786,1,786,3],[788,1,788,3],[789,1,789,3],[790,1,790,3],[791,1,791,3],[793,1,793,2],[793,3,793,6],[794,1,794,2],[794,3,794,6],[797,1,798,1],[797,2,798,2],[797,3,798,6],[799,3,799,6],[800,2,800,6],[801,1,801,2],[803,1,803,3],[805,1,805,3],[807,1,807,3],[808,1,808,3],[809,1,809,3],[810,1,810,3],[811,1,811,3],[813,1,813,3],[817,1,817,2],[817,3,817,6],[818,1,818,2],[818,3,818,6],[821,1,822,1],[821,2,822,2],[821,3,822,6],[823,3,823,6],[825,1,825,3],[827,1,827,6],[829,1,829,2],[830,1,830,3],[832,1,832,3],[833,1,833,3],[835,1,835,3],[836,1,836,3],[838,1,838,3],[839,1,839,3],[841,1,841,2],[842,1,842,3],[844,1,844,3],[846,1,846,3],[847,1,847,3],[850,1,850,3],[852,1,852,3],[853,1,853,3],[854,1,854,3],[857,1,857,2],[857,3,857,6],[858,1,858,2],[858,3,858,6],[859,1,859,2],[859,3,859,6],[862,1,863,1],[862,2,863,2],[862,3,863,6],[865,1,865,3],[866,1,866,3],[868,1,868,3],[869,1,869,3],[870,1,870,3],[871,1,871,3],[873,1,873,3],[875,1,875,3],[876,1,876,3],[877,1,877,3],[878,1,878,3],[880,1,880,3],[881,1,881,3],[882,1,882,3],[884,1,884,3],[885,1,885,3],[886,1,886,3],[887,1,887,2],[888,1,888,3],[889,1,889,3],[890,1,890,3],[891,1,891,3],[892,1,892,3],[894,1,894,3],[896,1,896,3],[898,1,898,3],[899,1,899,3],[900,1,900,3],[903,1,903,2],[903,3,903,6],[904,1,904,2],[904,3,904,6],[907,1,908,1],[907,2,908,2],[907,3,908,6],[909,3,909,6],[911,1,911,3],[913,1,913,3],[914,1,914,3],[916,1,916,3],[918,1,918,3],[922,1,922,3],[923,3,923,6],[924,1,924,2],[924,3,924,6],[925,1,925,2],[925,3,925,6],[926,1,926,2],[926,3,926,6],[929,1,930,1],[929,2,930,2],[929,3,930,6],[931,3,931,6],[933,1,933,2],[935,1,935,3],[936,1,936,3],[937,1,937,3],[938,1,938,3],[940,1,940,3],[942,1,942,3],[943,1,943,3],[945,1,945,3],[947,1,947,3],[951,1,951,3],[954,1,954,3],[955,1,955,3],[956,1,956,3],[958,1,958,2],[958,3,958,6],[959,1,959,2],[959,3,959,6],[961,1,962,1],[961,2,962,2],[961,3,962,6],[963,3,963,6],[965,1,965,2],[967,1,967,3],[968,1,968,3],[969,1,969,3],[970,1,970,3],[971,1,971,3],[972,1,972,3],[972,9,972,11],[973,1,973,2],[974,1,974,3],[974,9,974,11],[975,1,975,3],[975,9,975,11],[976,1,976,3],[976,9,976,11],[977,1,977,3],[979,1,979,3],[980,1,980,3],[981,1,981,2],[982,1,982,3],[982,9,982,11],[984,1,984,3],[984,9,984,11],[986,1,986,3],[986,9,986,11],[987,1,987,3],[987,9,987,11],[988,1,988,3],[988,9,988,11],[989,1,989,3],[990,1,990,3],[990,9,990,11],[991,1,991,3],[991,9,991,11],[992,1,992,3],[992,9,992,11],[995,1,995,3],[996,1,996,3],[996,9,996,11],[999,1,999,3],[1001,1,1001,3],[1004,1,1004,2],[1004,3,1004,6],[1005,1,1005,2],[1005,3,1005,6],[1007,1,1008,1],[1007,2,1008,2],[1007,3,1008,6],[1009,3,1009,6],[1011,1,1011,2],[1013,1,1013,3],[1013,9,1013,11],[1014,1,1014,3],[1015,1,1015,3],[1015,9,1015,11],[1016,1,1016,3],[1016,9,1016,11],[1017,1,1017,3],[1017,9,1017,11],[1018,1,1018,3],[1018,9,1018,11],[1019,1,1019,3],[1020,1,1020,3],[1020,9,1020,11],[1022,1,1022,3],[1022,9,1022,11],[1023,1,1023,3],[1023,9,1023,11],[1024,1,1024,3],[1025,1,1025,3],[1025,9,1025,11],[1027,1,1027,3],[1028,1,1028,3],[1029,1,1029,3],[1030,1,1030,3],[1031,1,1031,3],[1032,1,1032,3],[1033,1,1033,3],[1034,1,1034,3],[1035,1,1035,3],[1036,1,1036,3],[1037,1,1037,3],[1038,1,1038,3],[1039,1,1039,3],[1040,1,1040,3],[1041,1,1041,3],[1042,1,1042,3],[1044,1,1044,3],[1045,1,1045,3],[1046,1,1046,3],[1047,1,1047,3],[1051,1,1051,3],[1053,1,1053,3],[1055,1,1055,2],[1055,3,1055,6],[1056,1,1056,2],[1056,3,1056,6],[1057,1,1057,2],[1057,3,1057,6],[1060,1,1061,1],[1060,2,1061,2],[1060,3,1061,6],[1062,3,1062,6],[1064,1,1064,3],[1066,1,1066,3],[1067,1,1067,3],[1073,1,1073,3],[1075,1,1075,3],[1076,1,1076,3],[1077,1,1077,3],[1080,1,1080,2],[1080,3,1080,6],[1081,1,1081,2],[1081,3,1081,6],[1084,1,1085,1],[1084,2,1085,2],[1084,3,1085,6],[1086,3,1086,6],[1088,1,1088,2],[1092,1,1092,3],[1092,4,1094,4],[1092,5,1094,5],[1092,6,1094,6],[1092,7,1094,7],[1094,1,1094,3],[1101,1,1101,3],[1103,1,1103,3],[1104,1,1104,3],[1105,1,1105,3],[1106,1,1106,3],[1108,1,1108,2],[1108,3,1108,6],[1109,1,1109,2],[1109,3,1109,6],[1112,1,1113,1],[1112,2,1113,2],[1112,3,1113,6],[1114,3,1114,6],[1117,1,1117,3],[1119,1,1119,3],[1121,1,1121,3],[1125,1,1125,3],[1128,1,1128,3],[1131,1,1131,2],[1131,3,1131,6],[1132,1,1132,2],[1132,3,1132,6],[1133,1,1133,2],[1133,3,1133,6],[1135,1,1136,1],[1135,2,1136,2],[1135,3,1136,6],[1137,3,1137,6],[1139,1,1139,3],[1141,1,1141,3],[1142,1,1142,3],[1144,1,1144,2],[1145,1,1145,3],[1147,1,1147,2],[1148,1,1148,3],[1150,1,1150,3],[1154,1,1154,3],[1156,1,1156,3],[1158,1,1158,2],[1158,3,1158,6],[1159,1,1159,2],[1159,3,1159,6],[1161,1,1162,1],[1161,2,1162,2],[1161,3,1162,6],[1163,3,1163,6],[1166,1,1166,3],[1168,1,1168,3],[1168,9,1168,11],[1169,1,1169,3],[1169,9,1169,11],[1170,1,1170,3],[1170,9,1170,11],[1171,1,1171,3],[1171,9,1171,11],[1174,1,1174,3],[1174,9,1174,11],[1175,1,1175,3],[1175,9,1175,11],[1179,1,1179,3],[1179,9,1179,11],[1180,1,1180,3],[1181,1,1181,3],[1185,1,1185,3],[1187,1,1187,3],[1189,1,1189,2],[1189,3,1189,6],[1190,1,1190,2],[1190,3,1190,6],[1192,1,1193,1],[1192,2,1193,2],[1192,3,1193,6],[1194,3,1194,6],[1196,1,1196,3],[1198,1,1198,3],[1198,9,1198,11],[1199,1,1199,3],[1199,9,1199,11],[1200,1,1200,3],[1200,9,1200,11],[1201,1,1201,3],[1201,9,1201,11],[1202,1,1202,3],[1202,9,1202,11],[1203,1,1203,3],[1203,9,1203,11],[1204,1,1204,3],[1204,9,1204,11],[1206,1,1206,3],[1206,9,1206,11],[1210,1,1210,3],[1212,1,1212,3],[1214,1,1214,3],[1221,1,1221,2],[1221,3,1221,6],[1222,1,1222,2],[1222,3,1222,6],[1224,1,1225,1],[1224,2,1225,2],[1224,3,1225,6],[1227,1,1227,3],[1229,1,1229,3],[1230,1,1230,3],[1235,1,1235,3],[1238,1,1238,3],[1246,1,1246,2],[1246,3,1246,6],[1247,1,1247,2],[1247,3,1247,6],[1250,1,1251,1],[1250,2,1251,2],[1250,3,1251,6],[1252,3,1252,6],[1254,1,1254,2],[1256,1,1256,3],[1257,1,1257,3],[1258,1,1258,3],[1259,1,1259,3],[1261,1,1261,3],[1264,1,1264,3],[1265,1,1265,3],[1266,1,1266,3],[1269,1,1269,3],[1272,1,1272,3],[1273,1,1273,3],[1274,1,1274,3],[1275,1,1275,2],[1275,3,1275,6],[1276,1,1276,2],[1276,3,1276,6],[1278,0,1278,7],[1279,3,1279,7],[1312,3,1312,6],[1313,3,1313,6],[1314,3,1314,6],[1316,3,1316,6],[1327,3,1327,6]]}
[{"$nulls":7},{"$f":"NOW()","v":"2025-09-29T08:52:25"}]
{"$rows_empty":10}
[null,null,"DEBOURSÉ COMMERCIAL"]
[]
[null,null,"ZIRCON"]
[null,null,"P1"]
[]
[null,"Projet de construction de : "]
[null,"Sur la commune de : "]
[]
[null,"RT","Validé par M. MAMER le :"]
[]
[]
[null,"PRECISER SI:"]
[]
[null," MAJ DEBOURS PROJET:"]
[]
[]
[]
[]
[]
[null,"MAJ CHIFF EXE","DATE","ENVOYE","RECU"]
{"$rows_empty":10}
[null,"Projet de construction de : ",null,{"$f":"$D$17","v":0},{"$nulls":3},{"$f":"NOW()","v":"2025-09-29T08:52:25"}]
[null,"Sur la commune de : ",null,{"$f":"$D$18","v":0}]
[]
[]
[null,{"$f":"$B$20","v":"RT"},"Entreprise : ","TP2M"]
[]
[{"$nulls":3},"2024-01-03"]
[]
[null,"TERRASSEMENT",{"$nulls":3},"Qté","Prix ht u","Total Ht"]
[]
[]
[null,"TERRASSEMENT"]
[null,"Décapage de la terre végétale sur l'emprise de la construction (150 à 250 m² sur 20 cm)",null,null,"ft",{"v":1,"d":"1.00"},{"v":350,"d":"350.00 €"},{"$f":"G54*F54","v":{"v":350,"d":"350.00 €"}}]
[]
[]
[]
[]
[{"$nulls":6},"TOTAL HT : ",{"$f":"SUM(H52:H58)","v":{"v":350,"d":"350.00 €"}}]
[]
[]
[null,"TVA AUTO-LIQUIDEE - REGIME DE LA SOUS-TRAITANCE"]
[]
[null,"Projet de construction de : ",null,{"$f":"D17","v":0},{"$nulls":3},{"$f":"NOW()","v":"2025-09-29T08:52:25"}]
[null,"Sur la commune de : ",null,{"$f":"$D$43","v":0}]
[]
[]
[null,{"$f":"$B$20","v":"RT"},"Entreprise : ","GARANDEAU / 3 MMM"]
[]
[]
[]
[null,"FOURNITURE PLANCHER H.",{"$nulls":3},"Qté","Prix ht u","Total Ht"]
[]
[null,"VIDE SANITAIRE"]
[null,"PLANCHER HOURDIS HAUT VS - TYPE : 12+5 EBS (BOIS) Non isolé",null,null,"m²",{"v":23.8,"d":"23.80"},{"v":25.99,"d":"25.99 €"},{"$f":"SUM(F75*G75)","v":{"v":618.562,"d":"618.56 €"}}]
[]
[null,"PLANCHER HOURDIS VS - TYPE : 12+5 EBS (BOIS)",null,null,"m²",null,{"v":25.99,"d":"25.99 €"},{"$f":"SUM(F77*G77)","v":{"v":0,"d":"0.00 €"}}]
[]
[null,"PLANCHER HOURDIS ISOLÉ VS - TYPE : 12+5 UP27 isolé",null,null,"m²",58.44,{"v":26.43,"d":"26.43 €"},{"$f":"SUM(F79*G79)","v":{"v":1544.5692,"d":"1,544.57 €"}}]
[null,"PLANCHER HOURDIS ISOLÉ VS - TYPE : 12+5 UP19 isolé",null,null,"m²",{"v":0,"d":"0.00"},{"v":25.99,"d":"25.99 €"},{"$f":"SUM(F80*G80)","v":{"v":0,"d":"0.00 €"}}]
[]
[null,"Poutres de sous bassement (estimation) (sous le garage) 2,80ml",null,null,"ft",{"v":0,"d":"0.00"},{"v":178,"d":"178.00 €"},{"$f":"F82*G82","v":{"v":0,"d":"0.00 €"}},"63,30 EUROS/ML"]
[]
[]
[null,"FRAIS DE LIVRAISON",null,null,"ft",{"v":0,"d":"0.00"},{"v":35,"d":"35.00 €"},{"$f":"F85*G85","v":{"v":0,"d":"0.00 €"}}]
[]
[]
[]
[{"$nulls":6},"TOTAL HT : ",{"$f":"SUM(H75:H88)","v":{"v":2163.1312,"d":"2,163.13 €"}}]
[{"$nulls":6},"dont TVA 20%",{"$f":"H89*20%","v":{"v":432.62624,"d":"432.63 €"}}]
[{"$nulls":6},"TOTAL TTC",{"$f":"H89+H90","v":{"v":2595.75744,"d":"2,595.76 €"}}]
[]
[null,"Projet de construction de : ",null,{"$f":"$D$17","v":0},{"$nulls":3},{"$f":"NOW()","v":"2025-09-29T08:52:25"}]
[null,"Sur la commune de : ",null,{"$f":"$D$18","v":0}]
[]
[]
[null,{"$f":"$B$20","v":"RT"},"Entreprise : ","DA SILVA "]
[]
[{"$nulls":3},"MAJ 07/02/2023 10%"]
[]
[null,"MACONNERIE",{"$nulls":3},"Qté","Prix ht u","Total Ht"]
[]
[null,"IMPLANTATION - TERRASSEMENT"]
[null,"Implantation de la maison sur le terrain",null,null,"ft",null,{"v":163.5,"d":"163.50 €"},{"$f":"G104*F104","v":{"v":0,"d":"0.00 €"}}]
[null,"Fouilles en rigoles 50/40 compris jet de berge",null,null,"ml",null,{"v":6.11,"d":"6.11 €"},{"$f":"G105*F105","v":{"v":0,"d":"0.00 €"}}]
[null,"Fouilles en massifs 80/80/40 compris jet de berge",null,null,"u",null,{"v":87.2,"d":"87.20 €"},{"$f":"G106*F106","v":{"v":0,"d":"0.00 €"}}]
[]
[null,"FONDATIONS"]
[null,"Traitement anti termites  (home protection)",null,null,"ft",null,{"v":450,"d":"450.00"},{"$f":"G109*F109","v":{"v":0,"d":"0.00 €"}}]
[null,"Gros béton béché 25/50 type RADIER",null,null,"m²",null,{"v":45.595000000000006,"d":"45.60"},{"$f":"G110*F110","v":{"v":0,"d":"0.00 €"}}]
[null,"Béton de propreté en fond de fouilles 0,05",null,null,"m3",4.64,{"v":115.577,"d":"115.58"},{"$f":"G111*F111","v":{"v":536.2772799999999,"d":"536.28 €"}},0.025]
[null,"Provision supplémentaire  gros béton",null,null,"ens",null,{"v":1500,"d":"1,500.00 €"},{"$f":"F112*G112","v":{"v":0,"d":"0.00 €"}}]
[null,"Provision supplémentaire  gros béton",null,null,"ens",null,{"v":3000,"d":"3,000.00 €"},{"$f":"F113*G113","v":{"v":0,"d":"0.00 €"}}]
[null,"Semelles béton filantes 0,50/0,25 en béton NF EN 206-1 classe XC1, résistance C20/25 dosé à 350 Kg de ciment ",null,null,"m3",7.03,{"v":256.96000000000004,"d":"256.96"},{"$f":"G114*F114","v":{"v":1806.4288000000004,"d":"1,806.43 €"}},"0,125*"]
[null,"Soubassement en boisseaux pour poteaux béton",null,null,"ml",null,{"v":86.32800000000002,"d":"86.33"},{"v":0,"d":"0.00 €"}]
[null,"Dé en B.A pour poteaux 70/70/25",null,null,"u",{"v":0,"d":"0.00"},{"v":134.288,"d":"134.29"},{"v":0,"d":"0.00 €"}]
[null,"Agglos de 0,20 hourdés au mortier de ciment (rangs + planelle)",null,null,"m²",{"v":45.6,"d":"45.60"},{"v":37.345000000000006,"d":"37.35"},{"$f":"G117*F117","v":{"v":1702.9320000000002,"d":"1,702.93 €"}}]
[null,"Agglos Pleins Allégés de 0,20 hourdés au mortier de ciment (rangs + planelle)",null,null,"m²",null,62.35,{"v":0,"d":"0.00 €"}]
[null,"Poteaux raidisseurs d'angle de soubassement ",null,null,"ml",13.92,{"v":16.786,"d":"16.79"},{"v":233.66112,"d":"233.66 €"}]
[null,"produit d'imperméabilisation  sur mur de soubassement (murs ext.)",null,null,"m²",37.41,{"v":17.985000000000003,"d":"17.99"},{"v":672.81885,"d":"672.82 €"}]
[]
[null,"VIDE SANITAIRE"]
[null,"Pose PLANCHER HOURDIS ",null,null,"m²",82.24,{"v":41.965,"d":"41.97"},{"$f":"SUM(F123*G123)","v":{"v":3451.2016,"d":"3,451.20 €"}}]
[null,"Pose de la  poutre B.A 20/20 ",null,null,"ml",{"v":0,"d":"0.00"},{"v":23.980000000000004,"d":"23.98"},{"$f":"F124*G124","v":{"v":0,"d":"0.00 €"}}]
[null,"Chapeau de rives (dallage solidarisé)",null,null,"ml",{"v":37.4,"d":"37.40"},{"v":12.3,"d":"12.30"},{"$f":"G125*F125","v":{"v":460.02,"d":"460.02 €"}}]
[]
[null,"DALLAGE"]
[null,"Gros remblai type calcaire 40/80  ",null,null,"ft",null,{"v":239.8,"d":"239.80"},{"$f":"G128*F128","v":{"v":0,"d":"0.00 €"}}]
[null,"Hérissonnage de pierres compactées ép. 15cm environ",null,null,"m²",null,{"v":9.834,"d":"9.83"},{"v":0,"d":"0.00 €"}]
[null,"Dalle béton armé dosé à 350kg de ciment compris treillis soudé ST25C et film polyane ép. 12 cm Norme Sismique",null,null,"m²",null,{"v":34.287000000000006,"d":"34.29"},{"v":0,"d":"0.00 €"}]
[null,"Dalle béton armé dosé à 350kg de ciment compris treillis soudé ST25C et film polyane ép. 12 cm",null,null,"m²",null,30.69,{"v":0,"d":"0.00 €"}]
[null,"Dalle béton armé dosé à 350kg de ciment compris treillis soudé ST25C et film polyane ép. 15 cm (radier) Norme Sismique",null,null,"m²",null,{"v":45.584,"d":"45.58"},{"v":0,"d":"0.00 €"}]
[null,"Chapeau de rives (dallage solidarisé)",null,null,"ml",null,{"v":12.3,"d":"12.30"},{"$f":"G133*F133","v":{"v":0,"d":"0.00 €"}}]
[null,"Coupure de capillarité à la base des murs",null,null,"ml",36.44,{"v":3.355,"d":"3.36"},{"v":122.25619999999999,"d":"122.26 €"}]
[null,"Coffrage et décoffrage de la plate-forme en BA (radier)",null,null,"ml",null,{"v":35.61800000000001,"d":"35.62"},{"v":0,"d":"0.00 €"}]
[]
[null,"TERRASSE"]
[null,"Hérissonnage de pierres compactées ép. 15cm environ",null,null,"m²",{"v":0,"d":"0.00"},{"v":9.834,"d":"9.83"},{"$f":"G138*F138","v":{"v":0,"d":"0.00 €"}}]
[null,"réalisation d'une terrasse en béton lavé, compris fondation, dalle, main d'œuvre,coffrage et décoffrage.",null,null,"m²",{"v":0,"d":"0.00"},{"v":71.94000000000001,"d":"71.94"},{"$f":"G139*F139","v":{"v":0,"d":"0.00 €"}}]
[]
[null,"EU ET EV SOUS LA FORME"]
[null,"Tuyaux Ø100 en PVC sortie à 1m de la construction compris r+1 et descentes+VB Cheminée+PAC+Event fosse",null,null,"ml",null,{"v":16.808,"d":"16.81"},{"$f":"G142*F142","v":{"v":0,"d":"0.00 €"}}]
[null,"Coudes PVC 100 mm",null,null,"u",null,{"v":16.808,"d":"16.81"},{"$f":"F143*G143","v":{"v":0,"d":"0.00 €"}}]
[null,"Gaine alimentation regard EDF (Ø90), PTT (2xØ45), Sonnette (Ø45)",null,null,"ft",{"v":1,"d":"1.00"},{"v":107.80000000000001,"d":"107.80"},{"$f":"G144*F144","v":{"v":107.80000000000001,"d":"107.80 €"}}]
[null,"Gaine TPC 90 pour passage chauffage",null,null,"ft",{"v":1,"d":"1.00"},{"v":107.80000000000001,"d":"107.80"},{"$f":"G145*F145","v":{"v":107.80000000000001,"d":"107.80 €"}}]
[null,"Gaine alimentation eau générale à la PAC",null,null,"ft",{"v":1,"d":"1.00"},{"v":107.80000000000001,"d":"107.80"},{"$f":"G146*F146","v":{"v":107.80000000000001,"d":"107.80 €"}}]
[null,"Regard EDF + Réhausse",null,null,"ft",{"v":1,"d":"1.00"},59.95,{"$f":"G147*F147","v":{"v":59.95,"d":"59.95 €"}}]
[null,"Regard PAC + Réhausse",null,null,"ft",{"v":1,"d":"1.00"},{"v":89.92500000000001,"d":"89.93"},{"$f":"G148*F148","v":{"v":89.92500000000001,"d":"89.93 €"}}]
[]
[null,"ELEVATION "]
[null,"Elévation en briques CALIBRIC 1ONE à joints minces de 0,20 collées                   R=1,09 m²/k/w ",null,null,"m²",80.28,{"v":47,"d":"47.00"},{"$f":"G151*F151","v":{"v":3773.16,"d":"3,773.16 €"}}]
[null,"Elévation en briques CALIBRIC 1ONE à joints minces de 0,20 collées                   R=1,09 m²/k/w ",null,null,"m²",33.97,{"v":47,"d":"47.00"},{"$f":"G152*F152","v":{"v":1596.59,"d":"1,596.59 €"}}]
[null,"Elévation en agglos pleins  de 0,20 collés (partie sous sol et cage d'escalier)  R=?  m²/k/w",null,null,"m²",{"v":0,"d":"0.00"},{"v":43.16400000000001,"d":"43.16"},{"v":0,"d":"0.00 €"},"32,58ml*2,97=96,80-3,89"]
[null,"Acrotères en agglo",null,null,"m²",null,{"v":41.36000000000001,"d":"41.36"},{"v":0,"d":"0.00 €"}]
[null,"Acrotères en agglo bloc à bancher en BA",null,null,"m²",null,83.93,{"v":0,"d":"0.00 €"}]
[null,"Pose des coffres linteaux",null,null,"u",{"v":4,"d":"4.00"},{"v":32.7,"d":"32.70"},{"v":130.8,"d":"130.80 €"}]
[null,"F et Pose de pavés de verre",null,null,"ft",null,{"v":504.90000000000003,"d":"504.90"},{"v":0,"d":"0.00 €"}]
[]
[]
[null,"BETON ARMÉ"]
[null,"Chainages horizontaux périphériques compris coffrage et ferraillage section 20/20 ",null,null,"ml",{"v":37.4,"d":"37.40"},16.17,{"$f":"G161*F161","v":{"v":604.758,"d":"604.76 €"}},37.4]
[null,"Chainages verticaux toutes hauteurs compris coffrage et ferraillage section 20/20 RDC",null,null,"ml",{"v":27.2,"d":"27.20"},16.17,{"v":439.824,"d":"439.82 €"}]
[null,"Chainages verticaux toutes hauteurs compris coffrage et ferraillage section 20/20 R+1",null,null,"ml",9.97,16.17,{"$f":"G163*F163","v":{"v":161.21490000000003,"d":"161.21 €"}}]
[null,"Chainages horizontaux périphériques compris coffrage et ferraillage section 20/20 (acrotère)",null,null,"ml",null,{"v":16.786,"d":"16.79"},{"v":0,"d":"0.00 €"}]
[null,"Chainages d'acrotères verticaux toutes hauteurs compris coffrage et ferraillage section 20/20",null,null,"ml",null,{"v":16.786,"d":"16.79"},{"v":0,"d":"0.00 €"}]
[null,"Jambages béton pour murs de 0,20",null,null,"ml",null,{"v":8.338000000000001,"d":"8.34"},{"v":0,"d":"0.00 €"}]
[null,"Poteaux raidisseurs coffré d'élévation (Porte d'entrée, baies, portes de garage, les 2 grands chassis, portes pannes)",null,null,"ml",null,{"v":26.950000000000003,"d":"26.95"},{"v":0,"d":"0.00 €"}]
[null,"Encadrement de fenêtre bloc U sous appuis et en linteau",null,null,"ml",null,{"v":16.786,"d":"16.79"},{"v":0,"d":"0.00 €"}]
[]
[null,"Linteaux droits en béton armé compris coffrage et ferraillage compris  toutes sujétions section 20/20 s VS",null,null,"ml",{"v":1.2,"d":"1.20"},38.06,{"$f":"G170*F170","v":{"v":45.672000000000004,"d":"45.67 €"}}]
[null,"Linteaux droits en béton armé compris coffrage et ferraillage compris  toutes sujétions section 20/20 ",null,null,"ml",{"v":12.4,"d":"12.40"},38.06,{"$f":"G171*F171","v":{"v":471.944,"d":"471.94 €"}}]
[null,"Réalisation de poutre B.A 20/40 ",null,null,"ml",{"v":0,"d":"0.00"},{"v":74.69000000000001,"d":"74.69"},{"v":0,"d":"0.00 €"}]
[null,"Chainage rampant - Arase des pignons ",null,null,"ml",19.61,{"v":6.952000000000001,"d":"6.95"},{"v":136.32872,"d":"136.33 €"}]
[null,"Fourniture et pose de poteaux carré 20*20 à enduire",null,null,"ml",{"v":0,"d":"0.00"},{"v":86.35000000000001,"d":"86.35"},{"v":0,"d":"0.00 €"}]
[null,"Réalisation d'une plate forme pour PAC en béton coulé",null,null,"ft",null,{"v":163.5,"d":"163.50"},{"v":0,"d":"0.00 €"}]
[null,"Réalisation d'une trappe d'accés pour vide sanitaire",null,null,"ft",{"v":0,"d":"0.00"},{"v":179.85000000000002,"d":"179.85"},{"v":0,"d":"0.00 €"}]
[null,"Coffrage pour hublot",null,null,"ft",null,{"v":179.85000000000002,"d":"179.85"},{"v":0,"d":"0.00 €"}]
[null,"Sommier /porte pannes 40*20*40 ht    (11u) ",null,null,"ft",{"v":0,"d":"0.00"},{"v":916.3000000000001,"d":"916.30"},{"v":0,"d":"0.00 €"}]
[null,"Escalier B.A de 1 marche et 1 contre marche finition brute pour Hall d'entrée ",null,null,"u",null,{"v":418.00000000000006,"d":"418.00"},{"v":0,"d":"0.00 €"}]
[null,"Escalier B.A de 2 marches et 3 contre marches finition brute (séjour, hall/Auvent)",null,null,"ft",null,{"v":959.2,"d":"959.20"},{"v":0,"d":"0.00 €"}]
[null,"Escalier B.A marches droites et marches balancées compris coffrage et ferraillage",null,null,"ft",null,{"v":1918.4,"d":"1918.40"},{"v":0,"d":"0.00 €"}]
[null,"Casquette suspendue en B.A pour porche (3,30 m x 0,80 m) compris coffrage et ferraillage et goutte d'eau sur les bords extérieurs,  finition béton lissé prêt à peindre ",null,null,"ft",null,{"v":1320,"d":"1320.00"},{"v":0,"d":"0.00 €"}]
[]
[null,"APPUIS DE GARNISSAGE  ET FINITION"]
[null,"Appuis en pierre reconstituée compris goutte d'eau et rejingot",null,null,"ml",{"v":4.6,"d":"4.60"},64.79,{"$f":"G185*F185","v":{"v":298.034,"d":"298.03 €"}}]
[null,"Seuil en pierre reconstituée",null,null,"ml",{"v":3,"d":"3.00"},93.61,{"$f":"G186*F186","v":{"v":280.83,"d":"280.83 €"}}]
[null,"Complément en béton pour pose des baies et portes ",null,null,"ml",{"v":3,"d":"3.00"},{"v":30,"d":"30.00"},{"$f":"G187*F187","v":{"v":90,"d":"90.00 €"}}]
[null,"Seuil en béton lissé bouchardé arrête arrondie tirée au fer pour porte de garage",null,null,"ml",{"v":2.4,"d":"2.40"},{"v":33,"d":"33.00"},{"$f":"G188*F188","v":{"v":79.2,"d":"79.20 €"}}]
[]
[null,"T de ventilation pour VIDE SANITAIRE ou SOUS SOL compris grille",null,null,"u",{"v":4,"d":"4.00"},{"v":35,"d":"35.00 €"},{"$f":"SUM(G190*F190)","v":{"v":140,"d":"140.00 €"}}]
[]
[null,"Gestion recyclage des déchets",null,null,"ft",{"v":0,"d":"0.00"},{"v":150,"d":"150.00"},{"$f":"G192*F192","v":{"v":0,"d":"0.00 €"}}]
[]
[{"$nulls":6},"TOTAL HT : ",{"$f":"SUM(H104:H193)","v":{"v":17707.22647,"d":"17,707.23 €"}}]
[]
[]
[null,"TVA AUTO-LIQUIDEE - REGIME DE LA SOUS-TRAITANCE"]
[]
[]
[null,"Projet de construction de : ",null,{"$f":"$D$93","v":0},{"$nulls":3},{"$f":"NOW()","v":"2025-09-29T08:52:25"}]
[null,"Sur la commune de : ",null,{"$f":"$D$94","v":0}]
[]
[]
[null,{"$f":"$B$20","v":"RT"},"Entreprise : ","SOFAMAC CHARENTE OU DE OLIVEIRA"]
[]
[null,null,"Teinte choisie : "]
[]
[]
[null,"RAVALEMENT",{"$nulls":3},"Qté","Prix ht u","Total Ht"]
[]
[null,"Enduit extérieur monocouche finition gratté fin",null,null,"m²",135.31,{"v":25,"d":"25.00 €"},{"$f":"G211*F211","v":{"v":3382.75,"d":"3,382.75 €"}}]
[]
[]
[]
[]
[{"$nulls":6},"TOTAL HT : ",{"$f":"SUM(H211:H214)","v":{"v":3382.75,"d":"3,382.75 €"}}]
[{"$nulls":8}," "]
[]
[null,"TVA AUTO-LIQUIDEE - REGIME DE LA SOUS-TRAITANCE"]
[]
[]
[null,"Projet de construction de : ",null,{"$f":"D17","v":0},{"$nulls":3},{"$f":"NOW()","v":"2025-09-29T08:52:25"}]
[null,"Sur la commune de : ",null,{"$f":"$D$43","v":0}]
[]
[]
[null,{"$f":"$B$20","v":"RT"},"Entreprise : "," THOMAS /  LESPINASSE"]
[]
[]
[]
[null,"CONSTRUCTION METALLIQUE",{"$nulls":3},"Qté","Prix ht u","Total Ht"]
[]
[]
[null,"DIVERS"]
[null,"Fourniture Barre garde-corps ",null,null,"u",null,{"v":35,"d":"35.00 €"},{"$f":"G234*F234","v":{"v":0,"d":"0.00 €"}}]
[null,"Fourniture grille de défense ",null,null,"u",null,{"v":110,"d":"110.00 €"},{"$f":"G235*F235","v":{"v":0,"d":"0.00 €"}}]
[]
[]
[{"$nulls":6},"TOTAL HT : ",{"$f":"SUM(H232:H236)","v":{"v":0,"d":"0.00 €"}}]
[]
[null,"TVA AUTO-LIQUIDEE - REGIME DE LA SOUS-TRAITANCE"]
[]
[]
[null,"Projet de construction de : ",null,{"$f":"$D$93","v":0},{"$nulls":3},{"$f":"NOW()","v":"2025-09-29T08:52:25"}]
[null,"Sur la commune de : ",null,{"$f":"$D$94","v":0}]
[]
[null,{"$f":"$B$20","v":"RT"},"Entreprise : ","CIAL / COUPRIE"]
[]
[]
[null,"CHARPENTE - PENTE 30%",{"$nulls":3},"Qté","Prix ht u","Total Ht"]
[]
[]
[null,"ENSEMBLE CHARPENTE",null,null,"ft",{"v":1,"d":"1.00"},{"v":895,"d":"895.00 €"},{"$f":"F252*G252","v":{"v":895,"d":"895.00 €"}}]
[null,"19 fermettes de 7,55+ qdv"]
[]
[]
[null,"CONTREVENTEMENT"]
[null,"Antiflambage 25*100 brut "]
[null,"Contreventement 25*75 brut"]
[null,"Entretoise sapin  36*97 brut"]
[]
[null,"QUINCAILLERIE"]
[null,"Equerre nervurée AT1"]
[null,"Goujons Ancrage "]
[]
[]
[]
[]
[null,"Transport",null,null,"ft",{"v":1,"d":"1.00"},{"v":175,"d":"175.00 €"},{"$f":"G268*F268","v":{"v":175,"d":"175.00 €"}}]
[]
[]
[]
[]
[{"$nulls":6},"TOTAL HT : ",{"$f":"SUM(H251:H271)","v":{"v":1070,"d":"1,070.00 €"}}]
[{"$nulls":6},"dont TVA 20%",{"$f":"H273*20%","v":{"v":214,"d":"214.00 €"}}]
[{"$nulls":6},"TOTAL TTC",{"$f":"H273+H274","v":{"v":1284,"d":"1,284.00 €"}}]
[null,"Projet de construction de : ",null,{"$f":"$D$93","v":0},{"$nulls":3},{"$f":"NOW()","v":"2025-09-29T08:52:25"}]
[null,"Sur la commune de : ",null,{"$f":"$D$94","v":0}]
[]
[]
[null,{"$f":"$B$20","v":"RT"},"Entreprise : ","BELAUD PRESTIGE OU FERRE"]
[]
[{"$nulls":3},"MAJ 30/11/2022"]
[]
[null,"CHARPENTE - POSE",{"$nulls":3},"Qté","Prix ht u","Total Ht"]
[]
[null,"Pente 30 %"]
[null,"Pose de Charpente traditionnelle finition brute+Lamellé collé (petite maison)",null,null,"m3",null,{"v":1020,"d":"1,020.00 €"},{"$f":"G287*F287","v":{"v":0,"d":"0.00 €"}}]
[]
[null,"Pose de fermettes COMBLES Aménageables",null,null,"u",{"v":19,"d":"19.00"},{"v":40.13,"d":"40.13 €"},{"$f":"G289*F289","v":{"v":762.47,"d":"762.47 €"}}]
[null,"Pose de chevetre velux ou cheminée",null,null,"u",{"v":3,"d":"3.00"},{"v":28.68,"d":"28.68 €"},{"v":86.03999999999999,"d":"86.04 €"}]
[null,"Pose fenêtre de toit velux sans chevetre ou puit de lumière (voir dans couverture pour eviter les doublons)",null,null,"u",{"v":3,"d":"3.00"},{"v":180,"d":"180.00 €"},{"v":540,"d":"540.00 €"}]
[null,"Pose de chevetre escalier",null,null,"u",{"v":1,"d":"1.00"},{"v":180,"d":"180.00 €"},{"$f":"G292*F292","v":{"v":180,"d":"180.00 €"}}]
[]
[null,"Fourniture et pose Planche de rive et Lambris  "]
[null,"Planche de rives PVC ",null,null,"ml",22.54,{"v":15.8,"d":"15.80 €"},{"$f":"G295*F295","v":{"v":356.132,"d":"356.13 €"}}]
[]
[null,"Débords de toits en lambris PVC ",null,null,"m²",2.23,{"v":27.86,"d":"27.86 €"},{"$f":"G297*F297","v":{"v":62.1278,"d":"62.13 €"}}]
[]
[]
[]
[]
[]
[{"$nulls":6},"TOTAL HT : ",{"$f":"SUM(H287:H301)","v":{"v":1986.7698,"d":"1,986.77 €"}}]
[]
[null,"TVA AUTO-LIQUIDEE - REGIME DE LA SOUS-TRAITANCE"]
[]
[]
[null,"Projet de construction de : ",null,{"$f":"$D$17","v":0},{"$nulls":3},{"$f":"NOW()","v":"2025-09-29T08:52:25"}]
[null,"Sur la commune de : ",null,{"$f":"$D$18","v":0}]
[]
[null,{"$f":"$B$20","v":"RT"},"Entreprise : ","BELAUD PRESTIGE / FERRE"]
[]
[null,null,"Teinte choisie : "]
[{"$nulls":3},"MAJ 30/11/2022"]
[null,"COUVERTURE - Fourniture et pose",{"$nulls":3},"Qté","Prix ht u","Total Ht"]
[]
[null,"Tuiles ROMANE EVOLUTION compris liteau de couverture 32/32 BELAUD",null,null,"m²",114.02,{"v":35,"d":"35.00 €"},{"$f":"G317*F317","v":{"v":3990.7,"d":"3,990.70 €"}}]
[]
[null,"Tuiles faîtières + arêtier",null,null,"ml",11.27,{"v":30.4,"d":"30.40 €"},{"$f":"G319*F319","v":{"v":342.60799999999995,"d":"342.61 €"}}]
[]
[null,"Tuiles de rives à rabats",null,null,"ml",20.23,{"v":22.6,"d":"22.60 €"},{"$f":"G321*F321","v":{"v":457.19800000000004,"d":"457.20 €"}}]
[]
[null,"Tuile à douille Ø150 ",null,null,"u",null,{"v":85.5,"d":"85.50 €"},{"$f":"G323*F323","v":{"v":0,"d":"0.00 €"}}]
[null,"Tuile à douille VENTELIA ou LAHERA Ø160  pour VMC",null,null,"u",{"v":1,"d":"1.00"},{"v":130,"d":"130.00 €"},{"$f":"G324*F324","v":{"v":130,"d":"130.00 €"}}]
[]
[null,"Pose fenêtre de toit velux sans chevetre ou puit de lumière",null,null,"u",{"v":3,"d":"3.00"},{"v":180,"d":"180.00 €"},{"$f":"G326*F326","v":{"v":540,"d":"540.00 €"}}]
[null,"plus value pose de VRE sur Velux",null,null,"u",{"v":3,"d":"3.00"},{"v":40,"d":"40.00 €"},{"$f":"G327*F327","v":{"v":120,"d":"120.00 €"}}]
[]
[]
[null,"Ecran de sous toiture type delta vitaxx de chez DORKEN compris contre liteaunage",null,null,"m²",{"v":0,"d":"0.00"},{"v":8.5,"d":"8.50 €"},{"$f":"G330*F330","v":{"v":0,"d":"0.00 €"}}]
[]
[]
[]
[]
[{"$nulls":6},"TOTAL HT : ",{"$f":"SUM(H317:H334)","v":{"v":5580.506,"d":"5,580.51 €"}}]
[]
[null,"TVA AUTO-LIQUIDEE - REGIME DE LA SOUS-TRAITANCE"]
[]
[null,"Projet de construction de : ",null,{"$f":"$D$305","v":0},{"$nulls":3},{"$f":"NOW()","v":"2025-09-29T08:52:25"}]
[null,"Sur la commune de : ",null,{"$f":"$D$306","v":0}]
[]
[]
[null,{"$f":"$B$20","v":"RT"},"Entreprise : ","GARANDEAU"]
[]
[]
[]
[null,"FENETRE DE TOIT VELUX"]
[]
[null,"FENETRE A ROTATION 114/118"]
[null,"Fenêtre Standard, finition Clear Finish",null,null,"u",{"v":0,"d":"0.00"},{"v":263.83,"d":"263.83 €"},{"$f":"G350*F350","v":{"v":0,"d":"0.00 €"}}]
[null,"Raccord simple pour tuile dim. 114/118",null,null,"u",{"v":0,"d":"0.00"},{"v":66.03,"d":"66.03 €"},{"$f":"G351*F351","v":{"v":0,"d":"0.00 €"}}]
[]
[null,"FENETRE A ROTATION  78/98"]
[null,"Fenêtre Standard, finition Clear Finish",null,null,"u",{"v":0,"d":"0.00"},{"v":193.43,"d":"193.43 €"},{"$f":"G354*F354","v":{"v":0,"d":"0.00 €"}}]
[null,"Raccord simple pour tuile dim. 78/98",null,null,"u",{"v":0,"d":"0.00"},{"v":54.03,"d":"54.03 €"},{"$f":"G355*F355","v":{"v":0,"d":"0.00 €"}}]
[]
[null,"FENETRE MOTORISEE 55/78"]
[null,"Fenêtre Tout confort, anti bruit de pluie, finition Ever Finish Blanche, modèle Electrique Velux INTEGRA, commande tactile, et détecteur de pluie intégré",null,null,"u",{"v":0,"d":"0.00"},{"v":686.68,"d":"686.68 €"},{"$f":"G358*F358","v":{"v":0,"d":"0.00 €"}}]
[]
[null,"Raccord simple pour tuile dim. 550/780 ",null,null,"u",{"v":0,"d":"0.00"},{"v":60.08,"d":"60.08 €"},{"$f":"G360*F360","v":{"v":0,"d":"0.00 €"}}]
[]
[null,"ACCESSOIRES"]
[null,"Volet roulant (114/118) version électrique sans commande 24 volts continus",null,null,"u",{"v":0,"d":"0.00"},{"v":390.2,"d":"390.20 €"},{"$f":"G363*F363","v":{"v":0,"d":"0.00 €"}}]
[null,"Commande pour Volet roulant ",null,null,"u",{"v":0,"d":"0.00"},{"v":80.72,"d":"80.72 €"},{"$f":"G364*F364","v":{"v":0,"d":"0.00 €"}}]
[null,"Canne",null,null,"u",{"v":0,"d":"0.00"},{"v":26.49,"d":"26.49 €"},{"$f":"G365*F365","v":{"v":0,"d":"0.00 €"}}]
[]
[]
[]
[{"$nulls":6},"TOTAL HT : ",{"$f":"SUM(H347:H367)","v":{"v":0,"d":"0.00 €"}}]
[{"$nulls":6},"dont TVA 20%",{"$f":"H369*20%","v":{"v":0,"d":"0.00 €"}}]
[{"$nulls":6},"TOTAL TTC",{"$f":"H369+H370","v":{"v":0,"d":"0.00 €"}}]
[]
[]
[]
[null,"Projet de construction de : ",null,{"$f":"$D$93","v":0},{"$nulls":3},{"$f":"NOW()","v":"2025-09-29T08:52:25"}]
[null,"Sur la commune de : ",null,{"$f":"$D$94","v":0}]
[]
[]
[null,{"$f":"$B$20","v":"RT"},"Entreprise : ","ARLC MOUNIER"]
[]
[null,null,"Teinte choisie : "]
[{"$nulls":3},"MAJ TARIF A PARTIR DE JANVIER 2024 (14,85 au lieu de 13,50)"]
[null,"Pour memoire ral 7011 équivalent 7012, le ral 7039 ne se fait pas "]
[null,"ZINGUERIE - DESCENTES",{"$nulls":3},"Qté","Prix ht u","Total Ht"]
[]
[null,"Tuyaux de descentes alu forme ronde ou rectangulaire compris coudes",null,null,"ml",{"v":6.4,"d":"6.40"},{"v":14.85,"d":"14.85 €"},{"$f":"G386*F386","v":{"v":95.04,"d":"95.04 €"}}]
[]
[null,"Gouttières alu forme demi ronde ou corniche compris crochets, naissances, fond de gouttière…",null,null,"ml",22.54,{"v":14.85,"d":"14.85 €"},{"$f":"G388*F388","v":{"v":334.719,"d":"334.72 €"}}]
[]
[]
[]
[]
[{"$nulls":6},"TOTAL HT : ",{"$f":"SUM(H386:H391)","v":{"v":429.759,"d":"429.76 €"}}]
[]
[]
[null,"TVA AUTO-LIQUIDEE - REGIME DE LA SOUS-TRAITANCE"]
[]
[]
[]
[null,"Projet de construction de : ",null,{"$f":"$D$93","v":0},{"$nulls":3},{"$f":"NOW()","v":"2025-09-29T08:52:25"}]
[null,"Sur la commune de : ",null,{"$f":"$D$94","v":0}]
[]
[]
[null,{"$f":"$B$20","v":"RT"},"Entreprise : ","BATI STY'L / FALCO"]
[]
[null,null,"Teinte choisie : ","BLANC tapée de 120"]
[]
[null,"MENUISERIES EXTERIEURES - FOURNITURE",{"$nulls":3},"Qté","Prix ht u","Total Ht"]
[]
[null,"Porte d'entrée"]
[null," L90xH215 en Acier Modèle BLAVET (GERVAIS) RAL 7016 /7039/7012 (idem couleur sur les 2 faces)",null,null,"u",{"v":1,"d":"1.00"},{"v":834.82,"d":"834.82 €"},{"$f":"F411*G411","v":{"v":834.82,"d":"834.82 €"}}]
[]
[null,"Menuiseries PVC "]
[null,"Chassis 1 vantail 60*95,  PIXA SP10",null,null,"u",{"v":1,"d":"1.00"},{"v":211,"d":"211.00 €"},{"$f":"G414*F414","v":{"v":211,"d":"211.00 €"}}]
[null,"Chassis 2 vantaux 120/105 compris VRE",null,null,"u",{"v":3,"d":"3.00"},{"v":755.94,"d":"755.94 €"},{"v":2267.82,"d":"2,267.82 €"}]
[]
[null,"Menuiseries ALU "]
[null,"Baie coulissante 210*215 - 2 vantaux 2 rails dormant 140mm, seuil encastré avec VRE",null,null,"u",{"v":1,"d":"1.00"},{"v":1654.87,"d":"1,654.87 €"},{"$f":"G418*F418","v":{"v":1654.87,"d":"1,654.87 €"}}]
[]
[null,"Demi coffre Volets roulants"]
[null,105,null,null,"u",{"v":3,"d":"3.00"},{"v":92.25,"d":"92.25 €"},{"$f":"G421*F421","v":{"v":276.75,"d":"276.75 €"}}]
[null,210,null,null,"u",{"v":1,"d":"1.00"},{"v":138.6,"d":"138.60 €"},{"v":138.6,"d":"138.60 €"}]
[]
[null,"Centralisation VRE (à télécommande murale)"]
[null,"SITUO 1 PURE IO (1 groupe)",null,null,"u",{"v":0,"d":"0.00"},{"v":27.6,"d":"27.60 €"},{"$f":"G425*F425","v":{"v":0,"d":"0.00 €"}}]
[null,"SITUO 5 PURE IO (jusqu'à 5 groupes)",null,null,"u",{"v":0,"d":"0.00"},{"v":41.4,"d":"41.40 €"},{"$f":"G426*F426","v":{"v":0,"d":"0.00 €"}}]
[null,"EASY SUN IO PURE 5 (jusqu'à 5 groupes mais avec fonction \"retour d'information\")",null,null,"u",{"v":0,"d":"0.00"},{"v":84.18,"d":"84.18 €"},{"$f":"G427*F427","v":{"v":0,"d":"0.00 €"}}]
[null,"HORLOGE CHRONIS IO (horloge crépusculaire murale : programmation avec gestion d'heure et possibilité de zones)",null,null,"u",{"v":0,"d":"0.00"},{"v":87.4,"d":"87.40 €"},{"$f":"G428*F428","v":{"v":0,"d":"0.00 €"}}]
[null,"Domotique par boitier (= télécommande \"virtuelle\" sur Mac ou Androïd)"]
[null,"CONNEXOON (pilotage VRE, porte de garage (si moteur SOMFY) et alarme via liaison internet / smartphone et sans engagement)",null,null,"u",{"v":0,"d":"0.00"},{"v":104.42,"d":"104.42 €"},{"$f":"G430*F430","v":{"v":0,"d":"0.00 €"}}]
[null,"TAHOMA PREMIUM (idem fonction Connexoon avec en plus : éclairage ext et/ou int, chauffage, portail clôture (si moteur SOMFY) via liaison internet / smartphone et sans engagement)",null,null,"u",{"v":0,"d":"0.00"},{"v":189,"d":"189.00 €"},{"$f":"G431*F431","v":{"v":0,"d":"0.00 €"}}]
[null,"TAHOMA SWITCH (idem fonction Connexoon avec en plus : éclairage ext et/ou int, chauffage, portail clôture (si moteur SOMFY) via liaison internet / smartphone et sans engagement)",null,null,"u",{"v":0,"d":"0.00"},{"v":138,"d":"138.00 €"},{"$f":"G432*F432","v":{"v":0,"d":"0.00 €"}}]
[]
[null,"Porte de Garage"]
[null,"Porte de garage 237,5/212,5 Acier basculante HORMANN modéle BERRY à trajectoire débordante. 9016",null,null,"u",{"v":1,"d":"1.00"},{"v":293.02,"d":"293.02 €"},{"$f":"G435*F435","v":{"v":293.02,"d":"293.02 €"}}]
[]
[null,"eco contribution",null,null,"u",{"v":1,"d":"1.00"},{"v":19.24,"d":"19.24 €"},{"$f":"G437*F437","v":{"v":19.24,"d":"19.24 €"}}]
[]
[{"$nulls":6},"TOTAL HT : ",{"$f":"SUM(H410:H438)","v":{"v":5696.120000000001,"d":"5,696.12 €"}}]
[{"$nulls":6},"dont TVA 20%",{"$f":"H439*20%","v":{"v":1139.2240000000002,"d":"1,139.22 €"}}]
[{"$nulls":6},"TOTAL TTC",{"$f":"SUM(H439:H440)","v":{"v":6835.344000000001,"d":"6,835.34 €"}}]
[]
[null,"Projet de construction de : ",null,{"$f":"$D$93","v":0},{"$nulls":3},{"$f":"NOW()","v":"2025-09-29T08:52:25"}]
[null,"Sur la commune de : ",null,{"$f":"$D$94","v":0}]
[]
[]
[null,{"$f":"$B$20","v":"RT"},"Entreprise : ","GARANDEAU / CASEO / PARTEDIS"]
[]
[{"$nulls":3},"MAJ 03/01/2024"]
[]
[null,"MENUISERIES INTERIEURES FOURNITURE",{"$nulls":3},"Qté","Prix ht u","Total Ht"]
[]
[null,"tarif CASEO Gamme Caséo Perform"]
[null,"Bloc porte et porte intérieure ALV Modèle PLANE avec âme alvéolaire dormant avec panneau lisse, joint acoustique et thermique NEOLYS (pré peinte)"]
[null,"83/204 ",null,null,"u",{"v":0,"d":"0.00"},{"v":90.44,"d":"90.44 €"},{"$f":"G455*F455","v":{"v":0,"d":"0.00 €"}}]
[]
[null,"Bloc porte et porte isolante Rigitherm PLANE Dormant de 140 mm Crémone 3 points avec barillet et joint balai (pré peinte)"]
[null,"83/204",null,null,"u",{"v":0,"d":"0.00"},{"v":422,"d":"422.00 €"},{"$f":"G458*F458","v":{"v":0,"d":"0.00 €"}}]
[null,"Serrure complémentaire bec de canne condamnation axe 50",null,null,"u",{"v":0,"d":"0.00"},{"v":4.39,"d":"4.39 €"},{"$f":"G459*F459","v":{"v":0,"d":"0.00 €"}}]
[]
[null,"TARIF CASEO"]
[]
[null,"Bloc porte et porte intérieure Gravée GRAPHIK Ketch avec âme alvéolaire à recouvrement huisserie neolys "]
[null,"83/204 ",null,null,"u",{"v":3,"d":"3.00"},{"v":120,"d":"120.00 €"},{"$f":"G464*F464","v":{"v":360,"d":"360.00 €"}}]
[]
[null,"Bloc porte et porte isolante Gravée GRAPHIK  Ketch Crémone 3 points avec barillet et joint balai à recouvrement huisserie neolys "]
[null,"83/204",null,null,"u",{"v":1,"d":"1.00"},{"v":383.08,"d":"383.08 €"},{"$f":"G467*F467","v":{"v":383.08,"d":"383.08 €"}}]
[]
[null,"Fourniture Poignées  (caseo)",{"$nulls":3},"Qté","Prix ht u","Total Ht"]
[]
[null,"Fourniture  poignées à clés L (chambre)",null,null,"u",{"v":1,"d":"1.00"},{"v":11.13,"d":"11.13 €"},{"$f":"G471*F471","v":{"v":11.13,"d":"11.13 €"}}]
[null,"Fourniture  poignées à clés  I (t isolante)",null,null,"u",{"v":1,"d":"1.00"},{"v":20.13,"d":"20.13 €"},{"$f":"G472*F472","v":{"v":20.13,"d":"20.13 €"}}]
[null,"Fourniture  poignées à clés  I à condamnation (serrure comprise)",null,null,"u",{"v":2,"d":"2.00"},{"v":30.14,"d":"30.14 €"},{"$f":"G473*F473","v":{"v":60.28,"d":"60.28 €"}}]
[]
[]
[]
[]
[]
[{"$nulls":6},"TOTAL HT : ",{"$f":"SUM(H453:H473)","v":{"v":834.6199999999999,"d":"834.62 €"}}]
[{"$nulls":6},"dont TVA 20%",{"$f":"H479*20%","v":{"v":166.92399999999998,"d":"166.92 €"}}]
[{"$nulls":6},"TOTAL TTC",{"$f":"H479+H480","v":{"v":1001.5439999999999,"d":"1,001.54 €"}}]
[]
[null,"Projet de construction de : ",null,{"$f":"$D$93","v":0},{"$nulls":3},{"$f":"NOW()","v":"2025-09-29T08:52:25"}]
[null,"Sur la commune de : ",null,{"$f":"$D$94","v":0}]
[]
[null,{"$f":"$B$20","v":"RT"},"Entreprise : ","QUALIPOSE / EUROPOSE / B2TECH"]
[]
[null,null,"Coloris : "]
[{"$nulls":3},"MAJ TARIF 27/02/2025"]
[null,"MENUISERIES EXTERIEURES - POSE",{"$nulls":3},"Qté","Prix ht u","Total Ht"]
[]
[null,"Porte d'entrée"]
[null,"90/215",null,null,"u",{"v":1,"d":"1.00"},{"v":83,"d":"83.00 €"},{"$f":"G493*F493","v":{"v":83,"d":"83.00 €"}}]
[]
[null,"Porte de service et garage"]
[null,"Porte de garage 237,5/212,5 basculante métallique",null,null,"u",{"v":1,"d":"1.00"},{"v":100,"d":"100.00 €"},{"$f":"G496*F496","v":{"v":100,"d":"100.00 €"}}]
[]
[null,"Pose Menuiseries PVC "]
[null,"Châssis",null,null,"u",{"v":1,"d":"1.00"},{"v":40,"d":"40.00 €"},{"$f":"G499*F499","v":{"v":40,"d":"40.00 €"}}]
[null,"Fenêtre 2 vantaux",null,null,"u",{"v":3,"d":"3.00"},{"v":48,"d":"48.00 €"},{"v":144,"d":"144.00 €"}]
[null,"Baie vitrée",null,null,"u",{"v":1,"d":"1.00"},{"v":100,"d":"100.00 €"},{"v":100,"d":"100.00 €"}]
[]
[null,"Pose des sous faces et coulisses pour les volets roulants",null,null,"u",{"v":4,"d":"4.00"},{"v":30,"d":"30.00 €"},{"$f":"G503*F503","v":{"v":120,"d":"120.00 €"}}]
[null,"Joints d'étanchéité Compribande ",null,null,"ml",{"v":31.2,"d":"31.20"},{"v":1.15,"d":"1.15 €"},{"v":35.879999999999995,"d":"35.88 €"}]
[]
[null,"MENUISERIES INTERIEURES - POSE",{"$nulls":3},"Qté","Prix ht u","Total Ht"]
[]
[null,"Ajustage des portes intérieures ",null,null,"u",{"v":4,"d":"4.00"},{"v":24,"d":"24.00 €"},{"$f":"G508*F508","v":{"v":96,"d":"96.00 €"}}]
[null,"pose poignées à clés L ",null,null,"u",{"v":1,"d":"1.00"},{"v":27.76,"d":"27.76 €"},{"$f":"G509*F509","v":{"v":27.76,"d":"27.76 €"}}]
[null,"pose poignées à clés  I",null,null,"u",{"v":1,"d":"1.00"},{"v":27.91,"d":"27.91 €"},{"$f":"G510*F510","v":{"v":27.91,"d":"27.91 €"}}]
[null,"pose poignées à condamnation",null,null,"u",{"v":2,"d":"2.00"},{"v":34.52,"d":"34.52 €"},{"$f":"G511*F511","v":{"v":69.04,"d":"69.04 €"}}]
[null,"F et pose d'un cylindre pour la porte isolante 3 points",null,null,"u",{"v":1,"d":"1.00"},{"v":13.27,"d":"13.27 €"},{"$f":"G512*F512","v":{"v":13.27,"d":"13.27 €"}}]
[]
[]
[]
[]
[{"$nulls":6},"TOTAL HT : ",{"$f":"SUM(H492:H516)","v":{"v":856.8599999999999,"d":"856.86 €"}}]
[]
[]
[null,"TVA AUTO-LIQUIDEE - REGIME DE LA SOUS-TRAITANCE"]
[]
[null,"Projet de construction de : ",null,{"$f":"$D$93","v":0},{"$nulls":3},{"$f":"NOW()","v":"2025-09-29T08:52:25"}]
[null,"Sur la commune de : ",null,{"$f":"$D$94","v":0}]
[]
[]
[null,{"$f":"$B$20","v":"RT"},"Entreprise : ","MICHEL/B2TECH/ PARONNEAU"]
[]
[]
[]
[null,"CLOISON SECHE - FOURNITURE ET POSE",{"$nulls":3},"Qté","Prix ht u","Total Ht"]
[]
[null,"PLAFOND"]
[null,"Plafond composé d'une plaque de plâtre type BA13 sur ossature metallique R+1",null,null,"m²",54.11,{"v":13,"d":"13.00 €"},{"$f":"G533*F533","v":{"v":703.43,"d":"703.43 €"}}]
[]
[]
[null,"CLOISON "]
[null,"Cloison de distribution 70 mm composée de 2 plaques de plâtre Placostil et laine de verre 45 mm compris placo hydrofuge SDB RDC",null,null,"m²",31.56,{"v":24.5,"d":"24.50 €"},{"$f":"G537*F537","v":{"v":773.2199999999999,"d":"773.22 €"}}]
[null,"Cloison Séparative de  190 mm avec Isolant en laine de verre GR32 de 12 cm et 4,5 cm, compris plaques de placo",null,null,"m²",14.99,{"v":24.5,"d":"24.50 €"},{"$f":"G538*F538","v":{"v":367.255,"d":"367.26 €"}},18.82]
[null,"Réhausse cloison isolante",null,null,"m²",6.87,{"v":24.5,"d":"24.50 €"},{"$f":"G539*F539","v":{"v":168.315,"d":"168.32 €"}},18.82]
[]
[null,"DOUBLAGE Hybris de chez actis"]
[null,"Lame d air 0,40","ba 13 0,052"]
[]
[null,"Doublage de 120 mm des murs extérieurs  en placostil 13 mm + Hybris de chez actis en 90 mm  (R 3,35)",null,null,"m²",44.39,{"v":24.5,"d":"24.50 €"},{"$f":"G544*F544","v":{"v":1087.555,"d":"1,087.56 €"}},"40,20*2,63=105,73m²-15,65-1,69=88,39"]
[null,"Doublage de 120 mm des murs extérieurs  en placostil 13 mm + Hybris de chez actis en 105 mm  (R 3,80)",null,null,"m²",{"v":0,"d":"0.00"},{"v":24.5,"d":"24.50 €"},{"$f":"G545*F545","v":{"v":0,"d":"0.00 €"}},"59,20*2,67=158,07m²-28,01"]
[null,"Doublage de 140 mm des murs extérieurs  en placostil 13 mm + Hybris de chez actis en 105 mm  (R=3,85)",null,null,"m²",{"v":0,"d":"0.00"},{"v":24.5,"d":"24.50 €"},{"$f":"G546*F546","v":{"v":0,"d":"0.00 €"}},"47,76*2,65=126,57m²-18,68=107,89"]
[null,"Doublage de 140 mm des murs extérieurs  en placostil 13 mm + Hybris de chez actis en 125 mm  (R=4,5) RDC",null,null,"m²",{"v":0,"d":"0.00"},{"v":24.5,"d":"24.50 €"},{"$f":"G547*F547","v":{"v":0,"d":"0.00 €"}},"47,76*2,65=126,57m²-18,68=107,89"]
[]
[null,"CLOISON Hybris de chez actis"]
[null,"Cloison de distribution 70 mm composée de 2 plaques de plâtre Placostil et Hybris de chez Actis en 50 mm (R 2,15)  compris placo hydrofuge SDB ",null,null,"m²",{"v":0,"d":"0.00"},{"v":24.5,"d":"24.50 €"},{"$f":"G550*F550","v":{"v":0,"d":"0.00 €"}},"36,04*2,63=94,78+0,6=95,38-10,14=85,24"]
[null,"PV pour cloison démontable",null,null,"ft",{"v":0,"d":"0.00"},{"v":150,"d":"150.00 €"},{"$f":"G551*F551","v":{"v":0,"d":"0.00 €"}}]
[]
[null,"Cloison Séparative de  130 mm composée de 2 plaques de plâtre Placostil et Hybris de chez Actis en 105 mm  (R:3,80)",null,null,"m²",{"v":0,"d":"0.00"},{"v":24.5,"d":"24.50 €"},{"$f":"G553*F553","v":{"v":0,"d":"0.00 €"}},"4,78*ht 3,42=16,34-1,69"]
[]
[null,"Cloison Séparative de  195 mm composée de 2 plaques de plâtre Placostil et Hybris de chez Actis en 105 mm+50 mm (R:5,20 env)",null,null,"m²",{"v":0,"d":"0.00"},{"v":24.5,"d":"24.50 €"},{"$f":"G555*F555","v":{"v":0,"d":"0.00 €"}},18.82]
[]
[]
[null,"DIVERS PLAQUISTERIE"]
[null,"Placo hydrofuge salle de bains +value",null,null,"m²",36.98,{"v":10.65,"d":"10.65 €"},{"$f":"G559*F559","v":{"v":393.837,"d":"393.84 €"}}]
[null,"Placo flamme pour cheminée ou poêle +value",null,null,"m²",null,{"v":12,"d":"12.00 €"},{"$f":"G560*F560","v":{"v":0,"d":"0.00 €"}}]
[null,"Caisson Event Wc + descente eu ev",null,null,"u",{"v":2,"d":"2.00"},{"v":50,"d":"50.00 €"},{"$f":"G561*F561","v":{"v":100,"d":"100.00 €"}}]
[null,"Pose Trappe de visite avec joues latérales étanche Nicoll 50*50",null,null,"u",{"v":1,"d":"1.00"},{"v":100,"d":"100.00 €"},{"$f":"G562*F562","v":{"v":100,"d":"100.00 €"}}]
[null,"Pose Trappe de visite avec joues latérales étanche pour pieuvre hydrolique 45*58",null,null,"u",null,{"v":50,"d":"50.00 €"},{"v":0,"d":"0.00 €"}]
[null,"Trappe de visite avec joues latérales étanche pour pieuvre hydrolique 45*58 (tarif ohmeo)",null,null,"u",null,{"v":108,"d":"108.00 €"},{"v":0,"d":"0.00 €"}]
[null,"Pose des cadres de BP",null,null,"u",{"v":4,"d":"4.00"},{"v":18.29,"d":"18.29 €"},{"v":73.16,"d":"73.16 €"}]
[null,"Habillage divers en placo",null,null,"ft",null,{"v":150,"d":"150.00 €"},{"v":0,"d":"0.00 €"}]
[null,"Renfort pour meuble vasque suspendu ou TV",null,null,"u",null,{"v":40,"d":"40.00 €"},{"v":0,"d":"0.00 €"}]
[null,"Renfort pour Hotte suspendue",null,null,"u",null,{"v":60,"d":"60.00 €"},{"v":0,"d":"0.00 €"}]
[]
[null,"Forfait maison -100 m²",null,null,"ft",{"v":1,"d":"1.00"},{"v":1000,"d":"1,000.00 €"},{"$f":"G570*F570","v":{"v":1000,"d":"1,000.00 €"}}]
[]
[]
[{"$nulls":6},"TOTAL HT : ",{"$f":"SUM(H533:H570)","v":{"v":4766.771999999999,"d":"4,766.77 €"}}]
[]
[null,"TVA AUTO-LIQUIDEE - REGIME DE LA SOUS-TRAITANCE"]
[]
[null,"Projet de construction de : ",null,{"$f":"$D$93","v":0},{"$nulls":3},{"$f":"NOW()","v":"2025-09-29T08:52:25"}]
[null,"Sur la commune de : ",null,{"$f":"$D$94","v":0}]
[]
[]
[null,{"$f":"$B$20","v":"RT"},"Entreprise : ","RUDELLE"]
[]
[{"$nulls":3},"MAJ TARIF 03/07/2023"]
[]
[]
[null,"TRAITEMENTS DES JOINTS",{"$nulls":3},"Qté","Prix ht u","Total Ht"]
[]
[null,"Traitement des joints",null,null,"m²",null,{"v":3.3,"d":"3.30 €"},{"$f":"G588*F588","v":{"v":0,"d":"0.00 €"}},"2,70 TNS"]
[]
[null,"Bandes armées dans les angles",null,null,"ml",{"v":0,"d":"0.00"},{"v":3.3,"d":"3.30 €"},{"$f":"G590*F590","v":{"v":0,"d":"0.00 €"}}]
[]
[null,"Pose grande hauteur fx plafonds",null,null,"pv",{"v":0,"d":"0.00"},{"v":200,"d":"200.00 €"},{"$f":"F592*G592","v":{"v":0,"d":"0.00 €"}}]
[]
[]
[]
[{"$nulls":6},"TOTAL HT : ",{"$f":"SUM(H588:H595)","v":{"v":0,"d":"0.00 €"}}]
[]
[]
[]
[null,"TVA AUTO-LIQUIDEE - REGIME DE LA SOUS-TRAITANCE"]
[]
[]
[]
[null,"Projet de construction de : ",null,{"$f":"$D$93","v":0},{"$nulls":3},{"$f":"NOW()","v":"2025-09-29T08:52:25"}]
[null,"Sur la commune de : ",null,{"$f":"$D$94","v":0}]
[]
[]
[null,{"$f":"$B$20","v":"RT"},"Entreprise : ","GIRONDE ISOLATION"]
[]
[{"$nulls":3},"MAJ TARIF janvier 2025"]
[]
[]
[null,"ISOLATION DES COMBLES  ",{"$nulls":3},"Qté","Prix ht u","Total Ht"]
[]
[null,"Soufflage de laine de verre Supafil Loft (knauf) ép. ………… mm  dans les combles perdues R=6",null,null,"m²",null,{"v":6.6,"d":"6.60 €"},{"$f":"F615*G615","v":{"v":0,"d":"0.00 €"}}]
[null,"Soufflage de laine de verre Supafil Loft (knauf) ép. 315 mm  dans les combles perdues R=7",null,null,"m²",null,{"v":7.8,"d":"7.80 €"},{"$f":"F616*G616","v":{"v":0,"d":"0.00 €"}}]
[null,"Soufflage de laine de verre Supafil Loft (knauf) ép. 365 mm  dans les combles perdues R=8",null,null,"m²",null,{"v":8.8,"d":"8.80 €"},{"$f":"F617*G617","v":{"v":0,"d":"0.00 €"}}]
[null,"Soufflage de laine de verre Supafil Loft (knauf) ép. 410 mm  dans les combles perdues R=9",null,null,"m²",null,{"v":9.9,"d":"9.90 €"},{"$f":"F618*G618","v":{"v":0,"d":"0.00 €"}}]
[null,"Soufflage de laine de verre Supafil Loft (knauf) ép. 450 mm  dans les combles perdues R=10 ",null,null,"m²",54.11,{"v":10.95,"d":"10.95 €"},{"$f":"F619*G619","v":{"v":592.5045,"d":"592.50 €"}},"(Prévoir BA 20+Réhausse des murs)"]
[]
[]
[]
[{"$nulls":6},"TOTAL HT : ",{"$f":"SUM(H615:H621)","v":{"v":592.5045,"d":"592.50 €"}}]
[]
[]
[null,"TVA AUTO-LIQUIDEE - REGIME DE LA SOUS-TRAITANCE"]
[]
[]
[]
[null,"Projet de construction de : ",null,{"$f":"$D$93","v":0},{"$nulls":3},{"$f":"NOW()","v":"2025-09-29T08:52:25"}]
[null,"Sur la commune de : ",null,{"$f":"$D$94","v":0}]
[]
[]
[null,{"$f":"$B$20","v":"RT"},"Entreprise : ","MTE "]
[]
[{"$nulls":3},"MAJ 23/09/2025"]
[]
[null,"ELECTRICITE",{"$nulls":3},"Qté","Prix ht u","Total Ht"]
[]
[null,"Installation en monophasé 220v conforme à la norme NFC15-100 appareillage LEGRAND série DOOXIE . Douille DCL sans ampoules ni lustreries. L'installation sera soumise au Consuel"]
[]
[null,"Salon/séjour"]
[null,"Spot bbc avec led",null,null,"u"]
[null,"Lampe SA",null,null,"u",{"v":2,"d":"2.00"}]
[null,"Lampe va-et-vient",null,null,"u",{"v":1,"d":"1.00"}]
[null,"Prise de courant 10/16 A+T",null,null,"u",{"v":6,"d":"6.00"}]
[null,"Prise TV",null,null,"u",{"v":1,"d":"1.00"}]
[null,"Prise RJ45 double",null,null,"u",{"v":1,"d":"1.00"}]
[null,"Prise RJ45",null,null,"u"]
[]
[null,"Cuisine "]
[null,"Spot bbc avec led",null,null,"u"]
[null,"Lampe SA",null,null,"u",{"v":1,"d":"1.00"}]
[null,"Lampe va-et-vient",null,null,"u",{"v":1,"d":"1.00"}]
[null,"Prise de courant 10/16 A+T compris frigo et micro-ondes",null,null,"u",{"v":7,"d":"7.00"}]
[null,"Prise de courant 20 A+T Lave-vaisselle",null,null,"u",{"v":1,"d":"1.00"}]
[null,"Prise de courant 20 A+T Four",null,null,"u",{"v":1,"d":"1.00"}]
[null,"Prise de courant 32 A+T Cuisson",null,null,"u",{"v":1,"d":"1.00"}]
[null,"Alimentation de Hotte 16A",null,null,"u",{"v":1,"d":"1.00"}]
[]
[null,"Chambre 1"]
[null,"Lampe SA",null,null,"u",{"v":1,"d":"1.00"}]
[null,"Prise pour futur chauffage",null,null,"u",{"v":1,"d":"1.00"}]
[null,"Prise de courant 10/16 A+T",null,null,"u",{"v":3,"d":"3.00"}]
[null,"Prise RJ45",null,null,"u",{"v":1,"d":"1.00"}]
[null,"Prise TV",null,null,"u",{"v":1,"d":"1.00"}]
[null,"Spot bbc avec led",null,null,"u"]
[]
[null,"Wc1"]
[null,"Lampe simple allumage en plafond",null,null,"u",{"v":1,"d":"1.00"}]
[null,"Prise de courant 10/16 A+T en hauteur ",null,null,"u"]
[]
[null,"Salle de bains 1"]
[null,"Lampe simple allumage en plafond",null,null,"u",{"v":1,"d":"1.00"}]
[null,"Lampe simple allumage en applique",null,null,"u",{"v":1,"d":"1.00"}]
[null,"Prise de courant 10/16 A+T",null,null,"u",{"v":1,"d":"1.00"}]
[null,"Alim seche serviette",null,null,"u",{"v":1,"d":"1.00"}]
[null,"Sèche-serviettes 750watts",null,null,"u",{"v":1,"d":"1.00"}]
[null,"Liaison équipotentielle",null,null,"u",{"v":1,"d":"1.00"}]
[]
[null,"Divers"]
[null,"Kit complet VMC  Hygro Cosy BC ATLANTIQUE ",null,null,"u",{"v":1,"d":"1.00"}]
[null,"F/P Entrées d'air (blanche)",null,null,"u",{"v":2,"d":"2.00"}]
[]
[null,"Si CLIM et SPLIT  "]
[]
[null,"Création liaison équipotentielle sur retour liaison frigo PAC ou CHAUFFE EAU THERMO",null,null,"u",{"v":1,"d":"1.00"}]
[null,"Alimentation chauffe-eau thermodynamique ",null,null,"u",{"v":1,"d":"1.00"}]
[null,"L 'alimentation électrique clim et liaison entre unité prévu au lot chauffage"]
[]
[null,"Prise de terre générale",null,null,"u",{"v":1,"d":"1.00"}]
[null,"Tableau de distribution équipé de disjoncteurs et inter-différentiels",null,null,"u",{"v":1,"d":"1.00"}]
[null,"Plus-value pour tableau électrique pour passage nouvelle norme C15100",null,null,"u",{"v":1,"d":"1.00"}]
[null,"Coffret de communication",null,null,"u",{"v":1,"d":"1.00"}]
[null,"Branchement des volets roulants",null,null,"u",{"v":4,"d":"4.00"}]
[null,"Alimentation pour volet roulant électrique (si Boîtier TAHOMA OU AUTRE)",null,null,"u",{"v":4,"d":"4.00"}]
[null,"Pot étanche en plafond ",null,null,"u",{"v":13,"d":"13.00"}]
[null,"Pot étanche en mur et applique",null,null,"u",{"v":65,"d":"65.00"}]
[null,"Détecteur de fumée (1 jusqu'à 100 m², 2 au-delà)",null,null,"u",{"v":1,"d":"1.00"}]
[]
[{"$nulls":3},"L'ensemble","ft",{"v":1,"d":"1.00"},{"v":1260,"d":"1,260.00 €"},{"$f":"G701*F701","v":{"v":1260,"d":"1,260.00 €"}}]
[]
[null,"Dégagement"]
[null,"Télérupteur 3 boutons poussoir 1 plafonnier",null,null,"u"]
[null,"Lampe va-et-vient",null,null,"u",{"v":1,"d":"1.00"}]
[null,"Prise de courant 10/16 A+T",null,null,"u",{"v":1,"d":"1.00"}]
[]
[null,"grenier"]
[null,"Lampe simple allumage en Applique",null,null,"u",{"v":1,"d":"1.00"}]
[null,"Boite en attente (1 circuit prise + 1 circuit lumiere)",null,null,"u",{"v":1,"d":"1.00"}]
[]
[null,"Pièce supplémentaires",null,null,"u",{"v":2,"d":"2.00"},{"v":135,"d":"135.00 €"},{"$f":"G712*F712","v":{"v":270,"d":"270.00 €"}}]
[]
[null,"Extérieur + annexes:"]
[null,"Lampe simple allumage avec temoin",null,null,"u",{"v":2,"d":"2.00"}]
[null,"Prise de courant 10/16 A+T",null,null,"u"]
[]
[null,"garage:"]
[null,"Lampe va-et-vient",null,null,"u",{"v":1,"d":"1.00"}]
[null,"Prise de courant 10/16 A+T",null,null,"u",{"v":3,"d":"3.00"}]
[]
[{"$nulls":3},"Total","ft",{"v":1,"d":"1.00"},{"v":155,"d":"155.00 €"},{"$f":"G722*F722","v":{"v":155,"d":"155.00 €"}}]
[]
[]
[null,"Pose de spots",null,null,"u",null,{"v":10,"d":"10.00 €"},{"$f":"G725*F725","v":{"v":0,"d":"0.00 €"}}]
[null,"Pose sèche serviette",null,null,"u",{"v":1,"d":"1.00"},{"v":35,"d":"35.00 €"},{"$f":"G726*F726","v":{"v":35,"d":"35.00 €"}}]
[null,"Descente des fils",null,null,"u",{"v":1,"d":"1.00"},{"v":90,"d":"90.00 €"},{"$f":"G727*F727","v":{"v":90,"d":"90.00 €"}}]
[null,"Certificat consuel",null,null,"u",{"v":1,"d":"1.00"},{"v":96,"d":"96.00 €"},{"$f":"G728*F728","v":{"v":96,"d":"96.00 €"}}]
[]
[null,"Si Etage (futur grenier)",null,null,"ft",{"v":1,"d":"1.00"},{"v":225,"d":"225.00 €"},{"$f":"G730*F730","v":{"v":225,"d":"225.00 €"}}]
[]
[]
[{"$nulls":6},"TOTAL HT : ",{"$f":"H728+H727+H726+H725+H722+H712+H701+H730","v":{"v":2131,"d":"2,131.00 €"}}]
[]
[null,"TVA AUTO-LIQUIDEE - REGIME DE LA SOUS-TRAITANCE"]
[]
[null,"Projet de construction de : ",null,{"$f":"$D$93","v":0},{"$nulls":3},{"$f":"NOW()","v":"2025-09-29T08:52:25"}]
[null,"Sur la commune de : ",null,{"$f":"$D$94","v":0}]
[]
[]
[null,{"$f":"$B$20","v":"RT"},"Entreprise : ","PREFATEC"]
[]
[{"$nulls":3},"MAJ 20/03/2023"]
[]
[null,"FOURNITURE PIEUVRE ELECTRIQUE",{"$nulls":3},"Qté","Prix ht u","Total Ht"]
[]
[null," Pieuvre Electrique  ",null,null,"ft",{"v":1,"d":"1.00"},{"v":1263.67,"d":"1,263.67 €"},{"$f":"G747*F747","v":{"v":1263.67,"d":"1,263.67 €"}}]
[null,"tableaux electrique",null,null,"ft",{"v":1,"d":"1.00"},{"v":478.6,"d":"478.60 €"},{"$f":"G748*F748","v":{"v":478.6,"d":"478.60 €"}}]
[null,"VMC + gaines + entrée d'air",null,null,"ft",{"v":1,"d":"1.00"},{"v":374.97,"d":"374.97 €"},{"$f":"G749*F749","v":{"v":374.97,"d":"374.97 €"}}]
[null,"Appareillage +boitiers BBC",null,null,"ft",{"v":1,"d":"1.00"},{"v":539.38,"d":"539.38 €"},{"$f":"G750*F750","v":{"v":539.38,"d":"539.38 €"}}]
[null,"Séche serviette 500 w Doris",null,null,"ft",{"v":1,"d":"1.00"},{"v":220.84,"d":"220.84 €"},{"$f":"G751*F751","v":{"v":220.84,"d":"220.84 €"}}]
[]
[]
[]
[{"$nulls":6},"TOTAL HT : ",{"$f":"SUM(H747:H753)","v":{"v":2877.46,"d":"2,877.46 €"}}]
[{"$nulls":6},"dont TVA 20%",{"$f":"H755*20%","v":{"v":575.4920000000001,"d":"575.49 €"}}]
[{"$nulls":6},"TOTAL TTC",{"$f":"H755+H756","v":{"v":3452.952,"d":"3,452.95 €"}}]
{"$rows_empty":7}
[null,"Projet de construction de : ",null,{"$f":"$D$93","v":0},{"$nulls":3},{"$f":"NOW()","v":"2025-09-29T08:52:25"}]
[null,"Sur la commune de : ",null,{"$f":"$D$94","v":0}]
[]
[]
[null,{"$f":"$B$20","v":"RT"},"Entreprise : ","PUM / 3MM"]
[]
[{"$nulls":3},"MAJ 20/03/2023"]
[]
[null,"FOURNITURE ISOLANT DE SOL",{"$nulls":3},"Qté","Prix ht u","Total Ht"]
[]
[null,"Isolant de sol TMS MF/SI type EFISOL panneau de mousse polyuréthane revêtu d'un parement étanche et pare-vapeur intégré (PUM)"]
[null,"Epaisseur 30mm (étage)     R=1,30",null,null,"m²",null,{"v":8,"d":"8.00 €"},{"$f":"F776*G776","v":{"v":0,"d":"0.00 €"}}]
[null,"Epaisseur 48mm (rdc)          R=2,20",null,null,"m²",null,{"v":8.34,"d":"8.34 €"},{"v":0,"d":"0.00 €"}]
[null,"Epaisseur 56mm (rdc)          R=2,60",null,null,"m²",null,{"v":12.22,"d":"12.22 €"},{"v":0,"d":"0.00 €"}]
[null,"Epaisseur 68mm (rdc)          R=3,70",null,null,"m²",null,{"v":14.1,"d":"14.10 €"},{"v":0,"d":"0.00 €"}]
[null,"Epaisseur 80mm (rdc)          R=3,70",null,null,"m²",null,{"v":15.95,"d":"15.95 €"},{"v":0,"d":"0.00 €"}]
[null,"Epaisseur 100mm (rdc)       R=4,65",null,null,"m²",null,{"v":19.25,"d":"19.25 €"},{"v":0,"d":"0.00 €"}]
[]
[null,"Bande Efirive H. 150 mm (rouleau de 50ml)",null,null,"u",null,{"v":29.55,"d":"29.55 €"},{"$f":"F783*G783","v":{"v":0,"d":"0.00 €"}}]
[]
[null,"Ruban adhésif par vapeur pvc orange (1 rouleau pour 10m²)",null,null,"u",null,{"v":6.07,"d":"6.07 €"},{"$f":"F785*G785","v":{"v":0,"d":"0.00 €"}}]
[]
[]
[]
[{"$nulls":6},"TOTAL HT : ",{"$f":"SUM(H776:H787)","v":{"v":0,"d":"0.00 €"}}]
[{"$nulls":6},"dont TVA 20%",{"$f":"H789*20%","v":{"v":0,"d":"0.00 €"}}]
[{"$nulls":6},"TOTAL TTC",{"$f":"H789+H790","v":{"v":0,"d":"0.00 €"}}]
[]
[]
[null,"Projet de construction de : ",null,{"$f":"$D$93","v":0},{"$nulls":3},{"$f":"NOW()","v":"2025-09-29T08:52:25"}]
[null,"Sur la commune de : ",null,{"$f":"$D$94","v":0}]
[]
[]
[null,{"$f":"$B$20","v":"RT"},"Entreprise : ","JR CHAPES"]
[]
[]
[]
[null,"POSE ISOLANT DE SOL ",{"$nulls":3},"Qté","Prix ht u","Total Ht"]
[]
[null,"Isolant de sol type TMS SI EFISOL ép….............. compris bande Efirive et scotch ",null,null,"m²",{"v":0,"d":"0.00"},{"v":4,"d":"4.00 €"},{"$f":"F804*G804","v":{"v":0,"d":"0.00 €"}}]
[]
[null,"Isolant de sol type TMS SI EFISOL ép 8 cm  compris bande Efirive et scotch ",null,null,"m²",{"v":0,"d":"0.00"},{"v":4.5,"d":"4.50 €"},{"$f":"F806*G806","v":{"v":0,"d":"0.00 €"}}]
[]
[null,"Isolant de sol type TMS SI EFISOL ép 10 cm  compris bande Efirive et scotch ",null,null,"m²",{"v":0,"d":"0.00"},{"v":5.5,"d":"5.50 €"},{"$f":"F808*G808","v":{"v":0,"d":"0.00 €"}}]
[]
[]
[{"$nulls":6},"TOTAL HT : ",{"$f":"SUM(H804:H808)","v":{"v":0,"d":"0.00 €"}}]
[]
[]
[null,"TVA AUTO-LIQUIDEE - REGIME DE LA SOUS-TRAITANCE"]
[]
[]
[]
[null,"Projet de construction de : ",null,{"$f":"$D$93","v":0},{"$nulls":3},{"$f":"NOW()","v":"2025-09-29T08:52:25"}]
[null,"Sur la commune de : ",null,{"$f":"$D$94","v":0}]
[]
[]
[null,{"$f":"$B$20","v":"RT"},"Entreprise : ","POINT P"]
[]
[{"$nulls":3},"MAJ TARIF 13/09/2023"]
[]
[null,"CARRELAGE - FAÏENCE (Fourniture) POINT P",{"$nulls":3},"Qté","Prix ht u","Total Ht"]
[]
[null,"Différentes Hauteurs : H. 2,50 m douche / H. 2 m meuble vasque / H. 1,40 m au-dessus baignoire"]
[]
[null,"Carrelage au sol principal dim.45*45 ",null,null,"m²",null,{"v":14.54,"d":"14.54 €"},{"$f":"SUM(G830*F830)","v":{"v":0,"d":"0.00 €"}}]
[null,"Plinthes assorties 8*45",null,null,"ml",null,{"v":2.63,"d":"2.63 €"},{"$f":"SUM(G831*F831)","v":{"v":0,"d":"0.00 €"}}]
[]
[null,"Carrelage au sol principal dim.60x60  type concerto (gamme standing)",null,null,"m²",null,{"v":17.79,"d":"17.79 €"},{"$f":"SUM(G833*F833)","v":{"v":0,"d":"0.00 €"}}]
[null,"Plinthes assorties (gamme standing)",null,null,"ml",null,{"v":6.34,"d":"6.34 €"},{"$f":"SUM(G834*F834)","v":{"v":0,"d":"0.00 €"}}]
[]
[null,"Carrelage au sol principal type lame bois 15/61 ",null,null,"m²",null,{"v":17.68,"d":"17.68 €"},{"$f":"SUM(G836*F836)","v":{"v":0,"d":"0.00 €"}}]
[null,"Plinthes assorties (gamme standing)",null,null,"ml",null,{"v":6.34,"d":"6.34 €"},{"$f":"SUM(G837*F837)","v":{"v":0,"d":"0.00 €"}}]
[]
[null,"Carrelage au sol principal type lame bois 15/90(gamme standing)",null,null,"m²",null,{"v":22.45,"d":"22.45 €"},{"$f":"SUM(G839*F839)","v":{"v":0,"d":"0.00 €"}}]
[]
[]
[null,"Carrelage au sol principal dim.45*45 (SDB)",null,null,"m²",null,{"v":13.93,"d":"13.93 €"},{"$f":"SUM(G842*F842)","v":{"v":0,"d":"0.00 €"}}]
[null,"Plinthes assorties 8*45 (SDB)",null,null,"ml",null,{"v":5.2,"d":"5.20 €"},{"$f":"SUM(G843*F843)","v":{"v":0,"d":"0.00 €"}}]
[]
[null,"Faïence murale jusqu'à 25x40",null,null,"m²",7.49,{"v":14.54,"d":"14.54 €"},{"$f":"G845*F845","v":{"v":108.9046,"d":"108.90 €"}}]
[]
[null,"Carreaux de sol anti-dérapant GRES Pavigrès 21 Fino gelo mat dim.9,7x9,7 (petite maison)",null,null,"m²",0.96,{"v":36.39,"d":"36.39 €"},{"$f":"G847*F847","v":{"v":34.9344,"d":"34.93 €"}}]
[null,"Carreaux de sol 31,4 * 31,4 anti-dérapant GRES Arte deco  5*5*6,5 ",null,null,"m²",null,{"v":66.9,"d":"66.90 €"},{"$f":"G848*F848","v":{"v":0,"d":"0.00 €"}}]
[]
[]
[]
[]
[{"$nulls":6},"TOTAL HT : ",{"$f":"SUM(H830:H850)","v":{"v":143.839,"d":"143.84 €"}}]
[{"$nulls":6},"dont TVA 20%",{"$f":"H853*20%","v":{"v":28.7678,"d":"28.77 €"}}]
[{"$nulls":6},"TOTAL TTC",{"$f":"H853+H854","v":{"v":172.6068,"d":"172.61 €"}}]
[]
[]
[]
[null,"Projet de construction de : ",null,{"$f":"$D$93","v":0},{"$nulls":3},{"$f":"NOW()","v":"2025-09-29T08:52:25"}]
[null,"Sur la commune de : ",null,{"$f":"$D$94","v":0}]
[]
[]
[null,{"$f":"$B$20","v":"RT"},"Entreprise : ","MALTESE / TECHNIFLOOR"]
[]
[]
[]
[null,"CARRELAGE - FAIENCE",{"$nulls":3},"Qté","Prix ht u","Total Ht"]
[]
[null,"SOL - POSE DROITE - JOINT GRIS CLAIR"]
[null,"Carrelage au sol maxi 45/45 sur toute la surface habitable sauf chambres bureau dressing palier",null,null,"m²",null,{"v":24,"d":"24.00 €"},{"$f":"F870*G870","v":{"v":0,"d":"0.00 €"}}]
[null,"Carrelage au sol maxi 50/50 sur toute la surface habitable sauf chambres bureau dressing palier",null,null,"m²",null,{"v":27,"d":"27.00 €"},{"$f":"F871*G871","v":{"v":0,"d":"0.00 €"}}]
[null,"Carrelage au sol maxi 60/60 sur toute la surface habitable sauf chambres bureau dressing palier",null,null,"m²",null,{"v":31,"d":"31.00 €"},{"$f":"F872*G872","v":{"v":0,"d":"0.00 €"}}]
[]
[null,"Pose double encollage pour carrelage > 50/50",null,null,"m²",null,{"v":3,"d":"3.00 €"},{"$f":"F874*G874","v":{"v":0,"d":"0.00 €"}}]
[]
[null,"Plinthes assorties en grès émaillé ",null,null,"ml",null,{"v":5.8,"d":"5.80 €"},{"$f":"SUM(F876*G876)","v":{"v":0,"d":"0.00 €"}}]
[null,"Plus-value pose carrelage à l'étage",null,null,"m²",null,{"v":3,"d":"3.00 €"},{"$f":"F877*G877","v":{"v":0,"d":"0.00 €"}}]
[null,"Plus-value pose carrelage sur marches et contre marches (1m² par marche)",null,null,"m²",null,{"v":25.9,"d":"25.90 €"},{"$f":"G878*F878","v":{"v":0,"d":"0.00 €"}}]
[null,"Plus-value pour Nez de marches",null,null,"u",null,{"v":13,"d":"13.00 €"},{"$f":"G879*F879","v":{"v":0,"d":"0.00 €"}}]
[]
[null,"FAIENCE MURALE SDB ET/OU SDE - POSE HORIZONTALE - JOINT BLANC"]
[null,"Faïence murale jusqu'à 20/60 maxi collée au mortier de ciment joints gris clair ",null,null,"m²",{"v":7,"d":"7.00"},{"v":27,"d":"27.00 €"},{"$f":"G882*F882","v":{"v":189,"d":"189.00 €"}}]
[null,"Plus-value Double encollage (à partir de 20*60)",null,null,"m²",null,{"v":3,"d":"3.00 €"},{"$f":"F883*G883","v":{"v":0,"d":"0.00 €"}}]
[null,"Plus-value Pose toute hauteur (soit 2,50 m partout)",null,null,"ft",null,{"v":60,"d":"60.00 €"},{"$f":"G884*F884","v":{"v":0,"d":"0.00 €"}}]
[null,"Pose frises, listels et décors",null,null,"ml",null,{"v":3.81,"d":"3.81 €"},{"v":0,"d":"0.00 €"}]
[null,"Habillage de baignoire compris trappe de visite",null,null,"ft",{"v":0,"d":"0.00"},{"v":198,"d":"198.00 €"},{"v":0,"d":"0.00 €"}]
[null,"Forme de pente douche italienne compris étanchéité ",null,null,"ft",{"v":1,"d":"1.00"},{"v":230,"d":"230.00 €"},{"v":230,"d":"230.00 €"}]
[null,"Pose anti-dérapant douche italienne",null,null,"ft",{"v":1,"d":"1.00"},{"v":65,"d":"65.00 €"},{"v":65,"d":"65.00 €"}]
[null,"Baguette d'angle ",null,null,"ft",null,{"v":60,"d":"60.00 €"},{"v":0,"d":"0.00 €"}]
[null,"Silicone autour ouverture",null,null,"ft",null,{"v":60,"d":"60.00 €"},{"v":0,"d":"0.00 €"}]
[null,"Etanchéité des parois de la douche",null,null,"ft",{"v":1,"d":"1.00"},{"v":130,"d":"130.00 €"},{"v":130,"d":"130.00 €"}]
[]
[null,"Déplacement si chantier >à 50 kms",null,null,"ft",null,{"v":60,"d":"60.00 €"},{"$f":"G893*F893","v":{"v":0,"d":"0.00 €"}}]
[]
[null,"Pose de l'ensemble (mur et sol) pour 1 salle d'eau ",null,null,"ft",null,{"v":1250,"d":"1,250.00 €"},{"$f":"G895*F895","v":{"v":0,"d":"0.00 €"}}]
[]
[]
[]
[{"$nulls":6},"TOTAL HT : ",{"$f":"SUM(H870:H897)","v":{"v":614,"d":"614.00 €"}}]
[]
[null,"TVA AUTO-LIQUIDEE REGIME DE LA SOUS-TRAITANCE"]
[]
[]
[null,"Projet de construction de : ",null,{"$f":"$D$93","v":0},{"$nulls":3},{"$f":"NOW()","v":"2025-09-29T08:52:25"}]
[null,"Sur la commune de : ",null,{"$f":"$D$94","v":0}]
[]
[]
[null,{"$f":"$B$20","v":"RT"},"Entreprise : ","JR CHAPES"]
[]
[{"$nulls":3},"maj 03/01/2024"]
[]
[null,"CHAPE LIQUIDE ",{"$nulls":3},"Qté","Prix ht u","Total Ht"]
[]
[null,"Chape ciment ",null,null,"m²",48.33,{"v":22,"d":"22.00 €"},{"$f":"G914*F914","v":{"v":1063.26,"d":"1,063.26 €"}}]
[null,"Chape anydrite  sans fractionnement",null,null,"m²",{"v":0,"d":"0.00"},{"v":22,"d":"22.00 €"},{"$f":"G915*F915","v":{"v":0,"d":"0.00 €"}}]
[]
[]
[]
[{"$nulls":6},"TOTAL HT : ",{"$f":"SUM(H914:H918)","v":{"v":1063.26,"d":"1,063.26 €"}}]
[]
[]
[]
[null,"TVA AUTO-LIQUIDEE - REGIME DE LA SOUS-TRAITANCE"]
[]
[]
[null,"Projet de construction de : ",null,{"$f":"$D$93","v":0},{"$nulls":3},{"$f":"NOW()","v":"2025-09-29T08:52:25"}]
[null,"Sur la commune de : ",null,{"$f":"$D$94","v":0}]
[]
[]
[null,{"$f":"$B$20","v":"RT"},"Entreprise : ","CEDEO / PARTEDIS"]
[]
[{"$nulls":3},"MAJ 26/05/2023"]
[]
[null,"FOURNITURE SANITAIRES (CEDEO)",{"$nulls":3},"Qté","Prix ht u","Total Ht"]
[]
[null,"Evier de cuisine à poser 120 cm en grès 2 bacs 1 égouttoir blanc, mitigeur FOCUS et vidage compris meuble 2 portes et vidage (PARTEDIS)",null,null,"u",null,{"v":276.29,"d":"276.29 €"},{"$f":"F936*G936","v":{"v":0,"d":"0.00 €"}}]
[null,"Meuble au SOL  70 (prof 46) ALTERNA  finition Blanc laqué (sur pieds) Plan de travail Alterna Primeo synthése blanc de 70, 2 tiroirs  + miroir + éclairage Led + mitigeur + siphon",null,null,"u",{"v":0,"d":"0.00"},{"v":460.2,"d":"460.20 €"},{"$f":"F937*G937","v":{"v":0,"d":"0.00 €"}}]
[null,"Meuble au SOL PRIMEO 80 (prof 46) ALTERNA  finition Blanc laqué (sur pieds) Plan de travail Alterna Primeo céramique de 80, 2 portes  + miroir + éclairage Led + mitigeur + siphon",null,null,"u",{"v":0,"d":"0.00"},{"v":492.63,"d":"492.63 €"},{"$f":"F938*G938","v":{"v":0,"d":"0.00 €"}}]
[null,"Meuble au SOL PRIMEO 80 (prof 46) ALTERNA  finition Blanc laqué (sur pieds) Plan de travail Alterna Primeo céramique de 80, 2 tiroirs  + miroir + éclairage Led + mitigeur + siphon",null,null,"u",{"v":0,"d":"0.00"},{"v":677.03,"d":"677.03 €"},{"$f":"F939*G939","v":{"v":0,"d":"0.00 €"}}]
[]
[null,"Baignoire Acrylique ALTERNA Concerto dim. 170/75 BLANC compris mitigeur, colonnette, set de douche et vidage",null,null,"u",{"v":0,"d":"0.00"},{"v":416.57,"d":"416.57 €"},{"$f":"G941*F941","v":{"v":0,"d":"0.00 €"}}]
[]
[null,"Receveur CERAMIQUE ANTI GLISS 90*90 ultra plat",null,null,"u",null,{"v":174,"d":"174.00 €"},{"$f":"G943*F943","v":{"v":0,"d":"0.00 €"}}]
[null,"Receveur RESINE extra plat 90*90",null,null,"u",{"v":0,"d":"0.00"},{"v":245,"d":"245.00 €"},{"$f":"G944*F944","v":{"v":0,"d":"0.00 €"}}]
[]
[null,"Combi de douche Croma Select 3 jets avec mitigeur thermostatique et barre de 65 cm Blanc / chromé",null,null,"u",{"v":1,"d":"1.00"},{"v":223.91,"d":"223.91 €"},{"$f":"F946*G946","v":{"v":223.91,"d":"223.91 €"}}]
[]
[null,"Porte de douche pivotante  (90 cm) ALTERNA CONCERTO",null,null,"u",{"v":0,"d":"0.00"},{"v":379.94,"d":"379.94 €"},{"$f":"F948*G948","v":{"v":0,"d":"0.00 €"}}]
[]
[null,"Ens WC sans Bride ALTERNA Verseau   + abattant  frein de chute  ",null,null,"u",1,{"v":143.03,"d":"143.03 €"},{"$f":"F950*G950","v":{"v":143.03,"d":"143.03 €"}}]
[]
[null,"Lave-mains MICRO 400 SALGAR compris meuble, miroir, mitigeur ARENA chromé et vidage",null,null,"u",{"v":0,"d":"0.00"},{"v":203,"d":"203.00 €"},{"$f":"F952*G952","v":{"v":0,"d":"0.00 €"}}]
[]
[]
[{"$nulls":6},"TOTAL HT : ",{"$f":"SUM(H936:H954)","v":{"v":366.94,"d":"366.94 €"}}]
[{"$nulls":6},"dont TVA 20%",{"$f":"H955*20%","v":{"v":73.388,"d":"73.39 €"}}]
[{"$nulls":6},"TOTAL TTC",{"$f":"H955+H956","v":{"v":440.328,"d":"440.33 €"}}]
[]
[null,"Projet de construction de : ",null,{"$f":"$D$93","v":0},{"$nulls":3},{"$f":"NOW()","v":"2025-09-29T08:52:25"}]
[null,"Sur la commune de : ",null,{"$f":"$D$94","v":0}]
[]
[null,{"$f":"$B$20","v":"RT"},"Entreprise : ","COUILLAUD / JOLLY"]
[]
[]
[]
[null,"SANITAIRES - POSE",{"$nulls":3},"Qté","Prix ht u","Total Ht"]
[]
[null,"Evier cuisine compris meuble et robinetterie",null,null,"u",null,{"v":145,"d":"145.00 €"},{"$f":"F968*G968","v":{"v":0,"d":"0.00 €"}}]
[null,"Meuble 1 vasque complet",null,null,"u",null,{"v":135,"d":"135.00 €"},{"$f":"F969*G969","v":{"v":0,"d":"0.00 €"}}]
[null,"Meuble 2 vasques complet",null,null,"u",null,{"v":135,"d":"135.00 €"},{"$f":"F970*G970","v":{"v":0,"d":"0.00 €"}}]
[null,"Baignoire 170*75 compris robinetterie complète",null,null,"u",null,{"v":95,"d":"95.00 €"},{"$f":"G971*F971","v":{"v":0,"d":"0.00 €"}}]
[null,"Tablier pour Baignoire 170*75",null,null,"u",null,{"v":45,"d":"45.00 €"},{"v":0,"d":"0.00 €"}]
[null,"Bac à douche extra plat 90*90 ",null,null,"u",null,{"v":125,"d":"125.00 €"},{"v":0,"d":"0.00 €"}]
[null,"Natte sous bac à douche 90*90 (si carrelage RPLC)",null,null,"u",null,{"v":60,"d":"60.00 €"},{"v":0,"d":"0.00 €"}]
[null,"Siphon de sol pour douche italienne inox 10*10  ",null,null,"u",null,{"v":45,"d":"45.00 €"},{"$f":"F975*G975","v":{"v":0,"d":"0.00 €"}}]
[null,"Robinetterie douche italienne",null,null,"u",null,{"v":50,"d":"50.00 €"},{"v":0,"d":"0.00 €"}]
[null,"Porte de douche 1 battant",null,null,"u",null,{"v":70,"d":"70.00 €"},{"v":0,"d":"0.00 €"}]
[null,"Ensemble WC réservoir bas ",null,null,"u",null,{"v":95,"d":"95.00 €"},{"v":0,"d":"0.00 €"}]
[]
[null,"Lave-mains compris meuble et robinetterie",null,null,"u",null,{"v":95,"d":"95.00 €"},{"$f":"F980*G980","v":{"v":0,"d":"0.00 €"}}]
[null,"Mise en service chauffe-eau thermodynamique ATLANTIC",null,null,"ft",null,{"v":209,"d":"209.00 €"},{"$f":"F981*G981","v":{"v":0,"d":"0.00 €"}}]
[null,"F et Pose  ballon tampon ECS 150 Litres",null,null,"ens",{"v":0,"d":"0.00"},{"v":500,"d":"500.00 €"},{"$f":"F982*G982","v":{"v":0,"d":"0.00 €"}}]
[null,"Pose chauffe-eau électrique (15 à 300 l)",null,null,"u",null,{"v":95,"d":"95.00 €"},{"$f":"G983*F983","v":{"v":0,"d":"0.00 €"}}]
[]
[null,"Alimentation eau chaude / eau froide des appareils en tube PER",null,null,"ft",null,{"v":650,"d":"650.00 €"},{"$f":"G985*F985","v":{"v":0,"d":"0.00 €"}}]
[]
[null,"Evacuation des appareils en tube PVC compris raccordement évent wc",null,null,"ft",null,{"v":120,"d":"120.00 €"},{"$f":"G987*F987","v":{"v":0,"d":"0.00 €"}}]
[null,"Alimentation et évacuation lave linge + lave vaisselle (2u)",null,null,"u",null,{"v":35,"d":"35.00 €"},{"v":0,"d":"0.00 €"}]
[null,"Event de fosse avec aspirateur statique (si fosse toutes eaux)",null,null,"ft",null,{"v":120,"d":"120.00 €"},{"v":0,"d":"0.00 €"}]
[null,"Collerette pour alim eau froide (LL,Refri. américain, wc, ...)",null,null,"u",null,{"v":15,"d":"15.00 €"},{"v":0,"d":"0.00 €"}]
[null,"Robinet de puisage (si maison 120 m² = 2u)",null,null,"u",null,{"v":28,"d":"28.00 €"},{"v":0,"d":"0.00 €"}]
[null,"Robinet d'arrêt",null,null,"u",null,{"v":15,"d":"15.00 €"},{"v":0,"d":"0.00 €"}]
[null,"Réducteur de pression",null,null,"u",null,{"v":78,"d":"78.00 €"},{"v":0,"d":"0.00 €"}]
[]
[]
["ou "," Pieuvre Hydro compris tubes ",null,null,"ft",{"v":0,"d":"0.00"},{"v":0,"d":"0.00 €"},{"$f":"G996*F996","v":{"v":0,"d":"0.00 €"}}]
[null,"Gaine posées en plafond",null,null,"ft",null,{"v":300,"d":"300.00 €"},{"$f":"G997*F997","v":{"v":0,"d":"0.00 €"}}]
[]
[]
[{"$nulls":6},"TOTAL HT : ",{"$f":"SUM(H968:H997)","v":{"v":0,"d":"0.00 €"}}]
[]
[null,"TVA AUTO-LIQUIDEE - REGIME DE LA SOUS-TRAITANCE"]
[]
[]
[null,"Projet de construction de : ",null,{"$f":"$D$93","v":0},{"$nulls":3},{"$f":"NOW()","v":"2025-09-29T08:52:25"}]
[null,"Sur la commune de : ",null,{"$f":"$D$94","v":0}]
[]
[null,{"$f":"$B$20","v":"RT"},"Entreprise : ","MTE "]
[]
[]
[]
[null,"SANITAIRES - POSE",{"$nulls":3},"Qté","Prix ht u","Total Ht"]
[]
[null,"Meuble 2 vasques complet",null,null,"u",{"v":0,"d":"0.00"},{"v":195,"d":"195.00 €"},{"$f":"F1014*G1014","v":{"v":0,"d":"0.00 €"}}]
[null,"Meuble 1 vasque complet",null,null,"u",{"v":0,"d":"0.00"},{"v":135,"d":"135.00 €"},{"$f":"F1015*G1015","v":{"v":0,"d":"0.00 €"}}]
[null,"Baignoire 170*75 compris robinetterie complète",null,null,"u",{"v":0,"d":"0.00"},{"v":158,"d":"158.00 €"},{"$f":"F1016*G1016","v":{"v":0,"d":"0.00 €"}}]
[null,"Siphon de sol pour douche italienne inox 10*10  ",null,null,"u",{"v":1,"d":"1.00"},{"v":45,"d":"45.00 €"},{"$f":"F1017*G1017","v":{"v":45,"d":"45.00 €"}}]
[null,"Robinetterie douche ",null,null,"u",{"v":1,"d":"1.00"},{"v":59,"d":"59.00 €"},{"$f":"F1018*G1018","v":{"v":59,"d":"59.00 €"}}]
[null,"Ensemble WC réservoir bas ",null,null,"u",{"v":1,"d":"1.00"},{"v":95,"d":"95.00 €"},{"$f":"F1019*G1019","v":{"v":95,"d":"95.00 €"}}]
[null,"Ensemble WC suspendu ",null,null,"u",null,{"v":220,"d":"220.00 €"},{"$f":"F1020*G1020","v":{"v":0,"d":"0.00 €"}}]
[null,"Bac à douche extra plat 90*90 ",null,null,"u",{"v":0,"d":"0.00"},{"v":125,"d":"125.00 €"},{"$f":"G1021*F1021","v":{"v":0,"d":"0.00 €"}}]
[]
[null,"Porte de douche",null,null,"u",null,{"v":170,"d":"170.00 €"},{"$f":"F1023*G1023","v":{"v":0,"d":"0.00 €"}}]
[null,"Paroi fixe",null,null,"u",null,{"v":85,"d":"85.00 €"},{"$f":"F1024*G1024","v":{"v":0,"d":"0.00 €"}}]
[null,"Kit hygiène (douchette) wc",null,null,"u",null,{"v":35,"d":"35.00 €"},{"$f":"F1025*G1025","v":{"v":0,"d":"0.00 €"}}]
[null,"Lave-mains compris meuble et robinetterie",null,null,"u",{"v":0,"d":"0.00"},{"v":120,"d":"120.00 €"},{"$f":"F1026*G1026","v":{"v":0,"d":"0.00 €"}}]
[]
[null,"Pieuvre hydraulique",null,null,"ft",{"v":1,"d":"1.00"},{"v":145,"d":"145.00 €"},{"$f":"G1028*F1028","v":{"v":145,"d":"145.00 €"}}]
[null,"Caisson hydraulique",null,null,"ft",{"v":1,"d":"1.00"},{"v":115,"d":"115.00 €"},{"v":115,"d":"115.00 €"}]
[null,"Raccordement PE coffret extérieur",null,null,"ft",{"v":1,"d":"1.00"},{"v":58,"d":"58.00 €"},{"v":58,"d":"58.00 €"}]
[null,"Raccordement PE coffret intérieur",null,null,"ft",{"v":1,"d":"1.00"},{"v":110,"d":"110.00 €"},{"v":110,"d":"110.00 €"}]
[null,"Vanne de purge pour robinet extérieur",null,null,"ft",{"v":1,"d":"1.00"},{"v":27,"d":"27.00 €"},{"v":27,"d":"27.00 €"}]
[null,"Platine pour WC",null,null,"ft",{"v":1,"d":"1.00"},{"v":18.2,"d":"18.20 €"},{"v":18.2,"d":"18.20 €"}]
[null,"Platine pour double (évier, douche, lavabo)",null,null,"u",{"v":3,"d":"3.00"},{"v":35.6,"d":"35.60 €"},{"v":106.80000000000001,"d":"106.80 €"}]
[null,"Platine + robinet MAL/LL",null,null,"ft",{"v":1,"d":"1.00"},{"v":24.6,"d":"24.60 €"},{"v":24.6,"d":"24.60 €"}]
[null,"Alimentation chauffe eau",null,null,"ft",{"v":0,"d":"0.00"},{"v":86.4,"d":"86.40 €"},{"v":0,"d":"0.00 €"}]
[null,"Robinet extérieur",null,null,"ft",{"v":1,"d":"1.00"},{"v":38.3,"d":"38.30 €"},{"v":38.3,"d":"38.30 €"}]
[null,"Vidange simple PVC 32mm/40mm",null,null,"u",{"v":3,"d":"3.00"},{"v":38.5,"d":"38.50 €"},{"v":115.5,"d":"115.50 €"}]
[null,"Vidange 40mm + siphon MAL",null,null,"u",{"v":1,"d":"1.00"},{"v":48.8,"d":"48.80 €"},{"v":48.8,"d":"48.80 €"}]
[null,"Vidange 100mm WC",null,null,"ft",{"v":1,"d":"1.00"},{"v":35.5,"d":"35.50 €"},{"v":35.5,"d":"35.50 €"}]
[null,"Event PVC 100mm WC",null,null,"ft",{"v":1,"d":"1.00"},{"v":68.9,"d":"68.90 €"},{"v":68.9,"d":"68.90 €"}]
[null,"Gaine posées en plafond",null,null,"ft",{"v":0,"d":"0.00"},{"v":300,"d":"300.00 €"},{"$f":"G1042*F1042","v":{"v":0,"d":"0.00 €"}}]
[null,"Raccordement de la cuve à la maison inclus pose bi pass",null,null,"ens",null,{"v":300,"d":"300.00 €"},{"v":0,"d":"0.00 €"}]
[]
[null,"Chauffage avec production EC"]
[null,"Mono split UI/UE compris cablage et évac",null,null,"ft",{"v":1,"d":"1.00"},{"v":460,"d":"460.00 €"},{"$f":"G1046*F1046","v":{"v":460,"d":"460.00 €"}}]
[null,"CE Thermo calypso SPLT (avec UE) pose et raccordement + CE +Cablage",null,null,"ft",{"v":1,"d":"1.00"},{"v":620,"d":"620.00 €"},{"v":620,"d":"620.00 €"}]
[null,"Pose CE THERMO Calypso monobloc (sans UE)",null,null,"ft",{"v":1,"d":"1.00"},{"v":490,"d":"490.00 €"},{"v":490,"d":"490.00 €"}]
[]
[]
[]
[{"$nulls":6},"TOTAL HT : ",{"$f":"SUM(H1014:H1051)","v":{"v":2680.6,"d":"2,680.60 €"}}]
[]
[null,"TVA AUTO-LIQUIDEE - REGIME DE LA SOUS-TRAITANCE"]
[]
[]
[null,"Projet de construction de : ",null,{"$f":"$D$173","v":0},{"$nulls":3},{"$f":"NOW()","v":"2025-09-29T08:52:25"}]
[null,"Sur la commune de : ",null,{"$f":"$D$174","v":0}]
[]
[]
[null,{"$f":"$B$20","v":"RT"},"Entreprise : ","PREFATEC"]
[]
[]
[]
[null,"PIEUVRE HYDROLIQUE  - FOURNITURE",{"$nulls":3},"Qté","Prix ht u","Total Ht"]
[]
[null," Pieuvre Hydro compris tubes ",null,null,"ft",{"v":1,"d":"1.00"},{"v":336.39,"d":"336.39 €"},{"$f":"G1067*F1067","v":{"v":336.39,"d":"336.39 €"}}]
[null,"Appareillage Hydraulique+kit d'arrivée d'eau",null,null,"ft",{"v":1,"d":"1.00"},{"v":290.81,"d":"290.81 €"},{"$f":"G1068*F1068","v":{"v":290.81,"d":"290.81 €"}}]
{"$rows_empty":7}
[{"$nulls":6},"TOTAL HT : ",{"$f":"SUM(H1067:H1075)","v":{"v":627.2,"d":"627.20 €"}}]
[{"$nulls":6},"dont TVA 20 %",{"$f":"H1076*20%","v":{"v":125.44000000000001,"d":"125.44 €"}}]
[{"$nulls":6},"TOTAL TTC",{"$f":"H1076+H1077","v":{"v":752.6400000000001,"d":"752.64 €"}}]
[]
[]
[null,"Projet de construction de : ",null,{"$f":"$D$93","v":0},{"$nulls":3},{"$f":"NOW()","v":"2025-09-29T08:52:25"}]
[null,"Sur la commune de : ",null,{"$f":"$D$94","v":0}]
[]
[]
[null,{"$f":"$B$20","v":"RT"},"Entreprise : ","PARTEDIS / OHMEO / PREFATEC"]
[]
[]
[]
[null,"CHAUFFE-EAU THERMO - FOURNITURE",{"$nulls":3},"Qté","Prix ht u","Total Ht"]
[]
[]
[]
[null,"Climatisation réversible Atlantic TAKAO M2 ATLANTIC+ Chauffe eau thermodynamique Calypso split 100 litres + Split + 1 groupe exterieur",null,null,"ens",{"v":1,"d":"1.00"},3601.73,{"$f":"F1093*G1093","v":{"v":3601.73,"d":"3,601.73 €"}}]
{"$rows_empty":10}
[{"$nulls":6},"TOTAL HT : ",{"$f":"SUM(H1089:H1103)","v":{"v":3601.73,"d":"3,601.73 €"}}]
[{"$nulls":6},"dont TVA 20 %",{"$f":"H1104*20%","v":{"v":720.346,"d":"720.35 €"}}]
[{"$nulls":6},"TOTAL TTC",{"$f":"H1104+H1105","v":{"v":4322.076,"d":"4,322.08 €"}}]
[]
[]
[null,"Projet de construction de : ",null,{"$f":"D17","v":0},{"$nulls":3},{"$f":"NOW()","v":"2025-09-29T08:52:25"}]
[null,"Sur la commune de : ",null,{"$f":"D18","v":0}]
[]
[]
[null,{"$f":"$B$20","v":"RT"},"Entreprise : ","COUILLAUD / JOLLY /MTE"]
[]
[]
[]
[]
[null,"CHAUFFAGE  POSE",{"$nulls":3},"Qté","Prix ht u","Total Ht"]
[]
[null,"Mise en service chauffe-eau thermodynamique +1 split ( JOLLY) maison 100 m² environ",null,null,"ft",{"v":1,"d":"1.00"},{"v":250,"d":"250.00 €"},{"$f":"F1120*G1120","v":{"v":250,"d":"250.00 €"}}]
[]
[null,"Mise en service chauffe-eau thermodynamique + split( JOLLY) maison de plus de 100 m²",null,null,"ft",null,{"v":500,"d":"500.00 €"},{"$f":"F1122*G1122","v":{"v":0,"d":"0.00 €"}}]
[]
[]
[]
[{"$nulls":6},"TOTAL HT : ",{"$f":"SUM(H1120:H1124)","v":{"v":250,"d":"250.00 €"}}]
[]
[]
[null,"TVA AUTO-LIQUIDEE - REGIME DE LA SOUS-TRAITANCE"]
[]
[]
[]
[null,"Projet de construction de : ",null,{"$f":"$D$93","v":0},{"$nulls":3},{"$f":"NOW()","v":"2025-09-29T08:52:25"}]
[null,"Sur la commune de : ",null,{"$f":"$D$94","v":0}]
[]
[null,{"$f":"$B$20","v":"RT"},"Entreprise : ","BIGUET / BONINE CHARENTE PEINTURE"]
[]
[]
[]
[null,"PEINTURE - FOURNITURE ET POSE",{"$nulls":3},"Qté","Prix ht u","Total Ht"]
[]
[null,"PEINTURE PLAFOND"]
["B","Sur Plafond placo : Ponçage des bandes, 1 couche d'impression, 2 couches de finition acrylique mate",null,null,"m²",null,{"v":15,"d":"15.00 €"},{"$f":"G1143*F1143","v":{"v":0,"d":"0.00 €"}}]
[]
[null,"PEINTURE MURS"]
["B","Sur mur placo :  Ponçage des bandes, 1 couche d'impression, 2 couches de finition acrylique mate",null,null,"m²",null,{"v":15,"d":"15.00 €"},{"$f":"F1146*G1146","v":{"v":0,"d":"0.00 €"}}]
[]
[null,"PEINTURE SUR BOISERIES"]
[null,"Sur les portes intérieures : Ponçage, masticage, 1 couche d'impression, 2 couches de finition glycéro satin",null,null,"U",null,{"v":80,"d":"80.00 €"},{"$f":"G1149*F1149","v":{"v":0,"d":"0.00 €"}}]
[]
[null,"Peinture des boiseries (escaliers) lasure",null,null,"m²",null,{"v":14,"d":"14.00 €"},{"$f":"F1151*G1151","v":{"v":0,"d":"0.00 €"}}]
[]
[]
[]
[{"$nulls":6},"TOTAL HT : ",{"$f":"SUM(H1143:H1153)","v":{"v":0,"d":"0.00 €"}}]
[]
[null,"TVA AUTO-LIQUIDEE - REGIME DE LA SOUS-TRAITANCE"]
[]
[null,"Projet de construction de : ",null,{"$f":"$D$93","v":0},{"$nulls":3},{"$f":"NOW()","v":"2025-09-29T08:52:25"}]
[null,"Sur la commune de : ",null,{"$f":"$D$94","v":0}]
[]
[null,{"$f":"$B$20","v":"RT"},"Entreprise : "," LB16 "]
[]
[{"$nulls":3},"MAJ 03/06/2025"]
[]
[]
[null,"REVETEMENT DE SOL - FOURNITURE ET POSE"]
[]
["LB16","Sol plastique compris dépoussiérage (rouleaux)",null,null,"m²",null,{"v":33.4,"d":"33.40 €"},{"$f":"G1169*F1169","v":{"v":0,"d":"0.00 €"}}]
["LB16","Sol plastique compris dépoussiérage (lames)",null,null,"m²",{"v":0,"d":"0.00"},{"v":31.4,"d":"31.40 €"},{"$f":"G1170*F1170","v":{"v":0,"d":"0.00 €"}},"32,15+10%"]
["LB16","Sol plastique compris dépoussiérage (lames gamme GERFLOR)",null,null,"m²",{"v":0,"d":"0.00"},{"v":39.6,"d":"39.60 €"},{"$f":"G1171*F1171","v":{"v":0,"d":"0.00 €"}},"32,15+10%"]
[null,"Plinthes assorties au sol plastique ou blanc",null,null,"ml",null,{"v":8.3,"d":"8.30 €"},{"$f":"G1172*F1172","v":{"v":0,"d":"0.00 €"}}]
[null,"Barre de seuil ",null,null,"u",null,{"v":7.5,"d":"7.50 €"},{"$f":"G1173*F1173","v":{"v":0,"d":"0.00 €"}}]
[]
[null,"F/P Parquet flottant stratifié 8 mm type LAMIDECOR 32 compris isolant sous couche mousse (sans ragréage)",null,null,"m²",null,{"v":48,"d":"48.00 €"},{"$f":"G1175*F1175","v":{"v":0,"d":"0.00 €"}},{"v":0.05,"d":"5%"}]
[null,"F/P Plinthes stratifiées assorties ",null,null,"ml",null,{"v":8.24,"d":"8.24 €"},{"$f":"G1176*F1176","v":{"v":0,"d":"0.00 €"}},{"v":0.05,"d":"5%"}]
[]
[null,"POSE"]
[]
["LB16","Ragréage simple",null,null,"m²",null,{"v":7.1,"d":"7.10 €"},{"$f":"G1180*F1180","v":{"v":0,"d":"0.00 €"}}]
[null,"Ragréage fibré sur plancher chauffant",null,null,"m²",null,{"v":15,"d":"15.00 €"},{"$f":"G1181*F1181","v":{"v":0,"d":"0.00 €"}}]
["LB16","Primaire d'accrochage (pose sur plancher bois ou carrelage existant)",null,null,"m²",null,{"v":18.3,"d":"18.30 €"},{"$f":"G1182*F1182","v":{"v":0,"d":"0.00 €"}}]
[null,"Primaire d'accrochage",null,null,"m²",{"v":0,"d":"0.00"},{"v":6,"d":"6.00 €"},{"$f":"G1183*F1183","v":{"v":0,"d":"0.00 €"}}]
[]
[]
[{"$nulls":6},"TOTAL HT : ",{"$f":"SUM(H1166:H1184)","v":{"v":0,"d":"0.00 €"}}]
[]
[null,"TVA AUTO-LIQUIDEE - REGIME DE LA SOUS-TRAITANCE"]
[]
[null,"Projet de construction de : ",null,{"$f":"$D$17","v":0},{"$nulls":3},{"$f":"NOW()","v":"2025-09-29T08:52:25"}]
[null,"Sur la commune de : ",null,{"$f":"$D$18","v":0}]
[]
[null,{"$f":"$B$20","v":"RT"},"Entreprise : ","PARTEDIS"]
[]
[{"$nulls":3},"MAJ TARIF 12092025"]
[]
[null,"REVETEMENT DE SOL - FOURNITURE "]
[]
[null,"Rev de sol Tritty 200 AQUA CHENE SICILIA NATURE AUTH MAT",null,null,"m²",null,{"v":16.71,"d":"16.71 €"},{"$f":"G1199*F1199","v":{"v":0,"d":"0.00 €"}},"25,20+5%"]
[null,"Rev de sol Tritty 200 AQUA CHENE FLAVIA PURO AUTH",null,null,"m²",null,{"v":16.71,"d":"16.71 €"},{"$f":"G1200*F1200","v":{"v":0,"d":"0.00 €"}},"25,20+5%"]
[null,"Rev de sol Tritty 200 AQUA CHENE FLAVIA NATURE AUTH ",null,null,"m²",null,{"v":16.71,"d":"16.71 €"},{"$f":"G1201*F1201","v":{"v":0,"d":"0.00 €"}},"25,20+5%"]
[null,"Rev de sol Tritty 200 AQUA CHENE FLAVIA FUME AUTH ",null,null,"m²",null,{"v":16.71,"d":"16.71 €"},{"$f":"G1202*F1202","v":{"v":0,"d":"0.00 €"}},"25,20+5%"]
[null,"ARO TRITTY 200 AQUA Planche large à l'ancienne Erable argente vario",null,null,"m²",null,{"v":23.13,"d":"23.13 €"},{"$f":"G1203*F1203","v":{"v":0,"d":"0.00 €"}},"25,20+5%"]
[]
[null,"Sous couche mousse (sans ragréage) 1 rouleau pour 20 m²",null,null,"M²",null,{"v":5.13,"d":"5.13 €"},{"$f":"G1205*F1205","v":{"v":0,"d":"0.00 €"}},{"v":0.05,"d":"5%"}]
[]
[null,"F Plinthes Medium AV Prepeint blanc",null,null,"ml",null,{"v":3.05,"d":"3.05 €"},{"$f":"G1207*F1207","v":{"v":0,"d":"0.00 €"}},"23,79+5%"]
[]
[]
[]
[]
[]
[{"$nulls":6},"TOTAL HT : ",{"$f":"SUM(H1199:H1212)","v":{"v":0,"d":"0.00 €"}}]
[]
[null,"TVA AUTO-LIQUIDEE - REGIME DE LA SOUS-TRAITANCE"]
[]
[]
[]
[]
[]
[]
[null,"Projet de construction de : ",null,{"$f":"$D$17","v":0},{"$nulls":3},{"$f":"NOW()","v":"2025-09-29T08:52:25"}]
[null,"Sur la commune de : ",null,{"$f":"$D$18","v":0}]
[]
[null,{"$f":"$B$20","v":"RT"},"Entreprise : ","EURO POSE/TECHNIFLOOR"]
[]
[]
[null,"REVETEMENT DE SOL - POSE"]
[]
[null,"Pose de parquet stratifié compris plinthes et barre de seuil",null,null,"m²",{"v":0,"d":"0.00"},{"v":25,"d":"25.00 €"},{"$f":"G1230*F1230","v":{"v":0,"d":"0.00 €"}}]
[]
[]
[]
[]
[]
[{"$nulls":6},"TOTAL HT : ",{"$f":"SUM(H1230:H1235)","v":{"v":0,"d":"0.00 €"}}]
[]
[]
[null,"TVA AUTO-LIQUIDEE - REGIME DE LA SOUS-TRAITANCE"]
{"$rows_empty":7}
[null,"Projet de construction de : ",null,{"$f":"$D$93","v":0},{"$nulls":3},{"$f":"NOW()","v":"2025-09-29T08:52:25"}]
[null,"Sur la commune de : ",null,{"$f":"D18","v":0}]
[]
[]
[null,{"$f":"$B$20","v":"RT"},"Entreprise : ","BUREAU D'ETUDE"]
[]
[]
[]
[null,"DIVERS",{"$nulls":3},"Qté","Prix ht u","Total Ht"]
[]
[null,"BETC 16 / BNT"]
[null,"Attestation conformité RT",null,null,"u",{"v":1,"d":"1.00"},{"v":50,"d":"50.00 €"},{"$f":"G1258*F1258","v":{"v":50,"d":"50.00 €"}}]
[null,"Etude Thermique",null,null,"u",{"v":0,"d":"0.00"},{"v":190,"d":"190.00 €"},{"$f":"G1259*F1259","v":{"v":0,"d":"0.00 €"}}]
[null,"TEST BILAN Carbone",null,null,"u",{"v":0,"d":"0.00"},{"v":360,"d":"360.00 €"},{"v":0,"d":"0.00 €"}]
[]
[null,"DPE / Test de perméa à l'air / Conformité BBIO +controle VMC+BILAN Carbone",null,null,"u",{"v":0,"d":"0.00"},{"v":500,"d":"500.00 €"},{"$f":"G1262*F1262","v":{"v":0,"d":"0.00 €"}}]
[]
["MTE","Vivre son habitat",null,null,"u",{"v":0,"d":"0.00"},{"v":79,"d":"79.00 €"},{"$f":"F1264*G1264","v":{"v":0,"d":"0.00 €"}}]
[null,"Mise en service SOMFY (-12u)",null,null,"ft",{"v":0,"d":"0.00"},{"v":80,"d":"80.00 €"},{"$f":"F1265*G1265","v":{"v":0,"d":"0.00 €"}}]
[null,"Nettoyage partiel fin de travaux (netplus) -100 m²",null,null,"u",{"v":0,"d":"0.00"},{"v":400,"d":"400.00 €"},{"$f":"G1266*F1266","v":{"v":0,"d":"0.00 €"}}]
[null,"Nettoyage partiel fin de travaux (netplus) 120/130 m²",null,null,"u",{"v":0,"d":"0.00"},{"v":700,"d":"700.00 €"},{"$f":"G1267*F1267","v":{"v":0,"d":"0.00 €"}}]
[]
[null,"Divers"]
[null,"Solution recyclage des déchets",null,null,"ft",{"v":1,"d":"1.00"},{"v":610,"d":"610.00 €"},{"$f":"G1270*F1270","v":{"v":610,"d":"610.00 €"}}]
[]
[]
[{"$nulls":6},"TOTAL HT : ",{"$f":"SUM(H1259:H1272)","v":{"v":610,"d":"610.00 €"}}]
[{"$nulls":6},"dont TVA 20 %",{"$f":"H1273*20%","v":{"v":122,"d":"122.00 €"}}]
[{"$nulls":6},"TOTAL TTC",{"$f":"H1273+H1274","v":{"v":732,"d":"732.00 €"}}]
[]
[null,"Projet de construction de : ",null,{"$f":"$D$93","v":0},{"$nulls":3},{"$f":"NOW()","v":"2025-09-29T08:52:25"}]
[]
["RECAPITULATIF CHANTIER"]
[null,"Fourniture","Sous-traitants"]
[{"$nulls":3},"Terrassement Décapage",{"$nulls":3},{"$f":"H59","v":{"v":350,"d":"350.00 €"}}]
[{"$nulls":3},"Plancher hourdis Fourniture",{"$nulls":3},{"$f":"H89","v":{"v":2163.1312,"d":"2,163.13 €"}}]
[{"$nulls":3},"Maçonnerie    ",{"$nulls":3},{"$f":"H194","v":{"v":17707.22647,"d":"17,707.23 €"}}]
[{"$nulls":3},"Ravalement",{"$nulls":3},{"$f":"H216","v":{"v":3382.75,"d":"3,382.75 €"}}]
[{"$nulls":3},"Construction métallique : poteau, escalier, verrière…",{"$nulls":3},{"$f":"H238","v":{"v":0,"d":"0.00 €"}}]
[{"$nulls":3},"Charpente Fourniture ",{"$nulls":3},{"$f":"H273","v":{"v":1070,"d":"1,070.00 €"}}]
[{"$nulls":3},"Charpente Pose",{"$nulls":3},{"$f":"H303","v":{"v":1986.7698,"d":"1,986.77 €"}}]
[{"$nulls":3},"Couverture ",{"$nulls":3},{"$f":"H335","v":{"v":5580.506,"d":"5,580.51 €"}}]
[{"$nulls":3},"Conduit de lumière / vélux Fourniture",{"$nulls":3},{"$f":"H369","v":{"v":0,"d":"0.00 €"}}]
[{"$nulls":3},"Zinguerie",{"$nulls":3},{"$f":"H393","v":{"v":429.759,"d":"429.76 €"}}]
[{"$nulls":3},"Menuiseries extérieures Fourniture",{"$nulls":3},{"$f":"H439","v":{"v":5696.120000000001,"d":"5,696.12 €"}}]
[{"$nulls":3},"Menuiseries intérieures Fourniture (portes)",{"$nulls":3},{"$f":"H479","v":{"v":834.6199999999999,"d":"834.62 €"}}]
[{"$nulls":3},"Menuiseries extérieures/intérieures Pose",{"$nulls":3},{"$f":"H517","v":{"v":856.8599999999999,"d":"856.86 €"}}]
[{"$nulls":3},"Placo Fourniture et pose",{"$nulls":3},{"$f":"H573","v":{"v":4766.771999999999,"d":"4,766.77 €"}}]
[{"$nulls":3},"Traitement des joints",{"$nulls":3},{"$f":"H596","v":{"v":0,"d":"0.00 €"}}]
[{"$nulls":3},"Isolation des combles",{"$nulls":3},{"$f":"H623","v":{"v":592.5045,"d":"592.50 €"}}]
[{"$nulls":3},"Electricité Pose MTE",{"$nulls":3},{"$f":"H733","v":{"v":2131,"d":"2,131.00 €"}}]
[{"$nulls":3},"Fourniture Pieuvre Electricité",{"$nulls":3},{"$f":"H755","v":{"v":2877.46,"d":"2,877.46 €"}}]
[{"$nulls":3},"Isolant de sol Fourniture                        ",{"$nulls":3},{"$f":"H789","v":{"v":0,"d":"0.00 €"}}]
[{"$nulls":3},"Isolant de sol Pose",{"$nulls":3},{"$f":"H811","v":{"v":0,"d":"0.00 €"}}]
[{"$nulls":3},"Carrelage Fourniture",{"$nulls":3},{"$f":"H853","v":{"v":143.839,"d":"143.84 €"}}]
[{"$nulls":3},"Carrelage Pose",{"$nulls":3},{"$f":"SUM(H899)","v":{"v":614,"d":"614.00 €"}}]
[{"$nulls":3},"Chape liquide",{"$nulls":3},{"$f":"SUM(H919)","v":{"v":1063.26,"d":"1,063.26 €"}}]
[{"$nulls":3},"Sanitaire Fourniture",{"$nulls":3},{"$f":"SUM(H955)","v":{"v":366.94,"d":"366.94 €"}}]
[{"$nulls":3},"Sanitaire Pose ",{"$nulls":3},{"$f":"H1000","v":{"v":0,"d":"0.00 €"}}]
[{"$nulls":3},"Sanitaire Pose (MTE)",{"$nulls":3},{"$f":"H1052","v":{"v":2680.6,"d":"2,680.60 €"}}]
[{"$nulls":3},"Pieuvre hydrolique Fourniture",{"$nulls":3},{"$f":"H1076","v":{"v":627.2,"d":"627.20 €"}}]
[{"$nulls":3},"Chauffage PAC  Fourniture",{"$nulls":3},{"$f":"H1104","v":{"v":3601.73,"d":"3,601.73 €"}}]
[{"$nulls":3},"Chauffage  Mise en service",{"$nulls":3},{"$f":"H1126","v":{"v":250,"d":"250.00 €"}}]
[" peinture  F/P",null,null,"Peinture  Fourniture et pose",{"$nulls":3},{"$f":"H1155","v":{"v":0,"d":"0.00 €"}}]
["Rev. Sol F/P",null,null,"Rev. Sol Fourniture et pose",{"$nulls":3},{"$f":"H1186","v":{"v":0,"d":"0.00 €"}}]
[{"$nulls":3},"Rev de sol Stratifié Fourniture",{"$nulls":3},{"$f":"H1213","v":{"v":0,"d":"0.00 €"}}]
[{"$nulls":3}," Rev de sol Stratifié Pose",{"$nulls":3},{"$f":"H1236","v":{"v":0,"d":"0.00 €"}}]
[{"$nulls":3},"Divers (BETC 16 / BET BEGIN / ABCIIS / DIAG SOL)",{"$nulls":3},{"$f":"H1273","v":{"v":610,"d":"610.00 €"}}]
[{"$nulls":3},"Provision",{"$nulls":4},"3000 OU 4500"]
[]
["TOTAL HT TRAV. RESERVES  :",null,{"$f":"SUM(C1281:C1316)","v":{"v":0,"d":"0.00 €"}},"TOTAL HT MAISON :",{"$nulls":3},{"$f":"SUM(H1281:H1315)","v":{"v":60383.04797000001,"d":"60,383.05 €"}}]
[null,"CCMI"]
[null,"Avenant 1"]
[]
[null,"Dommages ouvrage",{"$f":"#REF!*0.7%","v":{"$error":"#REF!"}}]
[null,"Garantie de livraison",{"$f":"D1318*0.7%","v":{"v":0,"d":"0.00 €"}}]
[]
[]
[null,"TOTAL CCMI TTC",null,{"$f":"SUM(D1319:D1324)","v":{"v":0,"d":"0.00 €"}}]
[]
[null,"PRIX DE VENTE HT",null,{"v":0,"d":"0.00 €"}]
[]
[null,"Marge  HT",null,{"$f":"D1327-H1317","v":{"v":-60383.04797000001,"d":"-60,383.05 €"}}]
[]
[null,"Taux de marge",null,{"$f":"D1329/D1327","v":{"$error":"#DIV/0!"}}]

{"sheet":"men","index":1,"n_rows":13,"n_cols":4,"rows_kept":13}
[8,"H","L","m²"]
[null,1.05,0.9,{"$f":"C2*B2","v":0.9450000000000001}]
[null,1.05,0.9,{"$f":"C3*B3","v":0.9450000000000001}]
[null,1.35,0.9,{"$f":"C4*B4","v":1.215}]
[null,1.35,0.9,{"$f":"C5*B5","v":1.215}]
[null,{"$f":"SUM(B2:B5)","v":4.800000000000001},{"$f":"SUM(C2:C5)","v":3.6},{"$f":"SUM(D2:D5)","v":4.32}]
[null,2.15,2,{"$f":"C7*B7","v":4.3}]
[null,2.15,2.2,{"$f":"C8*B8","v":4.73}]
[null,2.15,0.9,{"$f":"C9*B9","v":1.935}]
[null,2.15,0.8,{"$f":"C10*B10","v":1.72}]
[null,{"$f":"SUM(B7:B10)","v":8.6},{"$f":"SUM(C7:C10)","v":5.9},{"$f":"SUM(D7:D10)","v":12.685000000000002}]
[]
[null,{"$f":"B6+B11","v":13.4},{"$f":"C6+C11","v":9.5},{"$f":"D6+D11","v":17.005000000000003}]